地図と色をヒントに国を見つける -ランダム- - Statistics

General Stats
  • This quiz has been taken 6,175 times
  • The average score is 40 of 196
Answers on the Map
Answers color-coded by a green-red scale on the quiz's map according to % correct below.
 
Answer Stats
Country 国名 % Correct
Country 中国
100%
Country イギリス
100%
Country アメリカ
100%
Country 日本
100%
Country ウクライナ
100%
Country ロシア
100%
Country サウジアラビア
100%
Country フランス
100%
Country ブルネイ
100%
Country シンガポール
100%
Country フィリピン
100%
Country マレーシア
100%
Country インドネシア
100%
Country 台湾
100%
Country カンボジア
100%
Country ベトナム
100%
Country ラオス
100%
Country タイ
100%
Country 韓国
100%
Country 北朝鮮
100%
Country スリランカ
100%
Country モルディブ
100%
Country ミャンマー
100%
Country バングラデシュ
100%
Country ブータン
100%
Country ネパール
100%
Country インド
100%
Country モンゴル
100%
Country カナダ
100%
Country ブラジル
100%
Country 日本
94%
Country ロシア
93%
Country 日本
92%
Country インド
90%
Country 日本
90%
Country 日本
89%
Country モンゴル
89%
Country ロシア
89%
Country メキシコ
89%
Country アメリカ
89%
Country イタリア
89%
Country イギリス
89%
Country ロシア
88%
Country 中国
88%
Country 日本
88%
Country フランス
88%
Country スペイン
88%
Country モンゴル
88%
Country ロシア
86%
Country 日本
86%
Country インド
85%
Country ロシア
85%
Country 日本
83%
Country メキシコ
83%
Country ブラジル
83%
Country オーストラリア
83%
Country 南アフリカ
83%
Country コンゴ民主共和国
83%
Country カナダ
83%
Country インドネシア
83%
Country 韓国
83%
Country イギリス
83%
Country 北朝鮮
83%
Country フランス
83%
Country スロベニア
83%
Country ドイツ
83%
Country ボスニア・ヘルツェゴビナ
83%
Country チェコ
83%
Country セルビア
83%
Country スロバキア
83%
Country ハンガリー
83%
Country ポーランド
83%
Country サウジアラビア
83%
Country ベラルーシ
83%
Country イラク
83%
Country インド
83%
Country トルコ
83%
Country パキスタン
83%
Country イラン
83%
Country タジキスタン
83%
Country 中国
83%
Country ロシア
83%
Country トルクメニスタン
83%
Country アメリカ
83%
Country イタリア
83%
Country オーストリア
83%
Country パナマ
83%
Country モンゴル
82%
Country インド
82%
Country 日本
82%
Country アメリカ
81%
Country ロシア
80%
Country ニュージーランド
80%
Country トンガ
80%
Country サモア
80%
Country フィジー
80%
Country バヌアツ
80%
Country ツバル
80%
Country ソロモン諸島
80%
Country ナウル
80%
Country キリバス
80%
Country パプアニューギニア
80%
Country オーストラリア
80%
Country 東ティモール
80%
Country マーシャル
80%
Country ミクロネシア
80%
Country パラオ
80%
Country ウルグアイ
80%
Country チリ
80%
Country アルゼンチン
80%
Country パラグアイ
80%
Country ボリビア
80%
Country エクアドル
80%
Country ペルー
80%
Country エルサルバドル
80%
Country コスタリカ
80%
Country グアテマラ
80%
Country パナマ
80%
Country ベリーズ
80%
Country ニカラグア
80%
Country レソト
80%
Country ホンジュラス
80%
Country エスワティニ
80%
Country メキシコ
80%
Country コロンビア
80%
Country 南アフリカ
80%
Country ジャマイカ
80%
Country モーリシャス
80%
Country キューバ
80%
Country ガイアナ
80%
Country ベネズエラ
80%
Country マダガスカル
80%
Country ハイチ
80%
Country スリナム
80%
Country トリニダード・トバゴ
80%
Country ボツワナ
80%
Country グレナダ
80%
Country ドミニカ共和国
80%
Country バハマ
80%
Country ジンバブエ
80%
Country コモロ
80%
Country セントルシア
80%
Country ナミビア
80%
Country バルバドス
80%
Country ドミニカ国
80%
Country セーシェル
80%
Country セントクリストファー・ネービス
80%
Country アンティグア・バーブーダ
80%
Country モザンビーク
80%
Country マラウイ
80%
Country ザンビア
80%
Country ブラジル
80%
Country ブルンジ
80%
Country アンゴラ
80%
Country タンザニア
80%
Country ルワンダ
80%
Country ソマリア
80%
Country ケニア
80%
Country ウガンダ
80%
Country アメリカ
80%
Country サントメ
80%
Country ガボン
80%
Country コンゴ共和国
80%
Country 赤道ギニア
80%
Country ジブチ
80%
Country コンゴ民主共和国
80%
Country リベリア
80%
Country シエラレオネ
80%
Country パキスタン
80%
Country オマーン
80%
Country カーボベルデ
80%
Country ギニアビサウ
80%
Country イエメン
80%
Country コートジボワール
80%
Country 南スーダン
80%
Country エチオピア
80%
Country ガンビア
80%
Country キルギスタン
80%
Country アラブ首長国連邦
80%
Country ギニア
80%
Country タジキスタン
80%
Country 中央アフリカ
80%
Country ガーナ
80%
Country トーゴ
80%
Country カタール
80%
Country アフガニスタン
80%
Country バーレーン
80%
Country エリトリア
80%
Country セネガル
80%
Country ベナン
80%
Country カメルーン
80%
Country ナイジェリア
80%
Country ブルキナファソ
80%
Country カナダ
80%
Country クウェート
80%
Country ウズベキスタン
80%
Country スーダン
80%
Country トルクメニスタン
80%
Country マリ
80%
Country サウジアラビア
80%
Country チャド
80%
Country モーリタニア
80%
Country ニジェール
80%
Country イラク
80%
Country イラン
80%
Country アゼルバイジャン
80%
Country ヨルダン
80%
Country イスラエル
80%
Country アルメニア
80%
Country レバノン
80%
Country シリア
80%
Country カザフスタン
80%
Country キプロス
80%
Country ジョージア
80%
Country エジプト
80%
Country アイスランド
80%
Country モロッコ
80%
Country リビア
80%
Country ポルトガル
80%
Country マルタ
80%
Country トルコ
80%
Country アルジェリア
80%
Country チュニジア
80%
Country ギリシャ
80%
Country モルドバ
80%
Country 北マケドニア
80%
Country ブルガリア
80%
Country アイルランド
80%
Country フィンランド
80%
Country コソボ
80%
Country アルバニア
80%
Country アンドラ
80%
Country スペイン
80%
Country モンテネグロ
80%
Country エストニア
80%
Country バチカン市国
80%
Country ウクライナ
80%
Country ベラルーシ
80%
Country ルーマニア
80%
Country ラトビア
80%
Country セルビア
80%
Country リトアニア
80%
Country モナコ
80%
Country サンマリノ
80%
Country ノルウェー
80%
Country ボスニア・ヘルツェゴビナ
80%
Country イギリス
80%
Country スロバキア
80%
Country クロアチア
80%
Country ハンガリー
80%
Country スロベニア
80%
Country スウェーデン
80%
Country イタリア
80%
Country リヒテンシュタイン
80%
Country オーストリア
80%
Country ベルギー
80%
Country チェコ
80%
Country デンマーク
80%
Country フランス
80%
Country ルクセンブルク
80%
Country オランダ
80%
Country ポーランド
80%
Country スイス
80%
Country ドイツ
80%
Country 北朝鮮
80%
Country 韓国
80%
Country 中国
80%
Country インド
80%
Country セントビンセント及び グレナディーン諸島
80%
Country Mystery Country
80%
Country モンゴル
79%
Country アメリカ
79%
Country 中国
78%
Country ブラジル
78%
Country カナダ
78%
Country 日本
78%
Country モンゴル
78%
Country アメリカ
78%
Country スペイン
78%
Country モンゴル
77%
Country 北朝鮮
77%
Country 中国
77%
Country インドネシア
77%
Country 日本
77%
Country インド
76%
Country ロシア
76%
Country アメリカ
76%
Country 中国
75%
Country カナダ
75%
Country 韓国
75%
Country アイスランド
75%
Country フランス
75%
Country ロシア
75%
Country インド
75%
Country 日本
75%
Country カザフスタン
75%
Country アメリカ
75%
Country パキスタン
75%
Country イラン
75%
Country イギリス
75%
Country ポルトガル
75%
Country 日本
73%
Country ベトナム
73%
Country インドネシア
73%
Country ブラジル
73%
Country アメリカ
73%
Country イタリア
73%
Country ポルトガル
73%
Country スペイン
73%
Country フランス
73%
Country イギリス
73%
Country ロシア
73%
Country | Country 韓国
71%
Country 北朝鮮
71%
Country エジプト
71%
Country フランス
71%
Country スペイン
71%
Country モロッコ
71%
Country フィンランド
71%
Country ベラルーシ
71%
Country カザフスタン
71%
Country ウクライナ
71%
Country ロシア
71%
Country サウジアラビア
71%
Country イタリア
71%
Country アメリカ
71%
Country カナダ
71%
Country ブラジル
71%
Country 中国
71%
Country 北朝鮮
70%
Country 日本
70%
Country トルコ
70%
Country ロシア
70%
Country モンゴル
70%
Country カザフスタン
70%
Country ウズベキスタン
70%
Country タジキスタン
70%
Country 中国
70%
Country パキスタン
70%
Country イラン
70%
Country ドイツ
70%
Country アメリカ
70%
Country 台湾
70%
Country インドネシア
70%
Country イギリス
70%
Country スイス
70%
Country 韓国
69%
Country アメリカ
69%
Country フィリピン
69%
Country アメリカ
67%
Country オーストラリア
67%
Country 中国
67%
Country カナダ
67%
Country カザフスタン
67%
Country インド
67%
Country | Country チリ
67%
Country ウルグアイ
67%
Country アルゼンチン
67%
Country パラグアイ
67%
Country ニュージーランド
67%
Country ボリビア
67%
Country エクアドル
67%
Country ペルー
67%
Country サモア
67%
Country トンガ
67%
Country コスタリカ
67%
Country エルサルバドル
67%
Country パナマ
67%
Country グアテマラ
67%
Country ニカラグア
67%
Country ベリーズ
67%
Country ホンジュラス
67%
Country フィジー
67%
Country コロンビア
67%
Country ジャマイカ
67%
Country ガイアナ
67%
Country ベネズエラ
67%
Country ツバル
67%
Country バヌアツ
67%
Country キューバ
67%
Country スリナム
67%
Country トリニダード・トバゴ
67%
Country ハイチ
67%
Country グレナダ
67%
Country ドミニカ共和国
67%
Country セントルシア
67%
Country バルバドス
67%
Country ドミニカ国
67%
Country セントクリストファー・ネービス
67%
Country バハマ
67%
Country アンティグア・バーブーダ
67%
Country キリバス
67%
Country ナウル
67%
Country ソロモン諸島
67%
Country レソト
67%
Country マーシャル
67%
Country エスワティニ
67%
Country パプアニューギニア
67%
Country 東ティモール
67%
Country ボツワナ
67%
Country ナミビア
67%
Country カーボベルデ
67%
Country リベリア
67%
Country シエラレオネ
67%
Country ギニアビサウ
67%
Country ジンバブエ
67%
Country ガンビア
67%
Country セネガル
67%
Country ギニア
67%
Country ミクロネシア
67%
Country パラオ
67%
Country サントメ
67%
Country コートジボワール
67%
Country アンゴラ
67%
Country 赤道ギニア
67%
Country マラウイ
67%
Country コモロ
67%
Country ザンビア
67%
Country ガーナ
67%
Country マダガスカル
67%
Country モザンビーク
67%
Country トーゴ
67%
Country ガボン
67%
Country モーリシャス
67%
Country ベナン
67%
Country ブルキナファソ
67%
Country コンゴ共和国
67%
Country ブルンジ
67%
Country ブルネイ
67%
Country ルワンダ
67%
Country モーリタニア
67%
Country タンザニア
67%
Country シンガポール
67%
Country セーシェル
67%
Country マリ
67%
Country ナイジェリア
67%
Country カメルーン
67%
Country ウガンダ
67%
Country 中央アフリカ
67%
Country マレーシア
67%
Country フィリピン
67%
Country ケニア
67%
Country モロッコ
67%
Country ポルトガル
67%
Country ニジェール
67%
Country 台湾
67%
Country カンボジア
67%
Country アイスランド
67%
Country 南スーダン
67%
Country モルディブ
67%
Country チャド
67%
Country スリランカ
67%
Country アイルランド
67%
Country アンドラ
67%
Country スペイン
67%
Country ジブチ
67%
Country アルジェリア
67%
Country ソマリア
67%
Country エチオピア
67%
Country チュニジア
67%
Country モナコ
67%
Country タイ
67%
Country ベトナム
67%
Country ラオス
67%
Country エリトリア
67%
Country マルタ
67%
Country ルクセンブルク
67%
Country ベルギー
67%
Country バチカン市国
67%
Country オランダ
67%
Country リヒテンシュタイン
67%
Country スイス
67%
Country サンマリノ
67%
Country スーダン
67%
Country リビア
67%
Country イエメン
67%
Country イタリア
67%
Country ノルウェー
67%
Country デンマーク
67%
Country ミャンマー
67%
Country オーストリア
67%
Country アルバニア
67%
Country モンテネグロ
67%
Country クロアチア
67%
Country コソボ
67%
Country エジプト
67%
Country スウェーデン
67%
Country 北マケドニア
67%
Country バングラデシュ
67%
Country ブータン
67%
Country ギリシャ
67%
Country キプロス
67%
Country イスラエル
67%
Country バーレーン
67%
Country カタール
67%
Country アラブ首長国連邦
67%
Country オマーン
67%
Country フィンランド
67%
Country レバノン
67%
Country ヨルダン
67%
Country エストニア
67%
Country リトアニア
67%
Country ブルガリア
67%
Country ラトビア
67%
Country クウェート
67%
Country ルーマニア
67%
Country ネパール
67%
Country モルドバ
67%
Country シリア
67%
Country アルメニア
67%
Country ジョージア
67%
Country アフガニスタン
67%
Country アゼルバイジャン
67%
Country モンゴル
67%
Country キルギスタン
67%
Country ウズベキスタン
67%
Country イギリス
67%
Country ロシア
67%
Country 日本
67%
Country ウクライナ
67%
Country ドイツ
67%
Country トルコ
67%
Country ポーランド
67%
Country ベラルーシ
67%
Country ブラジル
67%
Country フランス
67%
Country セントビンセント及び グレナディーン諸島
67%
Country Mystery Country
67%
Country カナダ
65%
Country アメリカ
65%
Country フィリピン
65%
Country カナダ
64%
Country 北朝鮮
64%
Country モンゴル
64%
Country ロシア
64%
Country 中国
64%
Country カンボジア
64%
Country タイ
64%
Country アメリカ
64%
Country インド
64%
Country スペイン
64%
Country フランス
64%
Country 中国
63%
Country フランス
63%
Country ロシア
63%
Country レバノン
63%
Country エジプト
63%
Country アゼルバイジャン
63%
Country シリア
63%
Country オマーン
63%
Country イラク
63%
Country アメリカ
63%
Country ドイツ
63%
Country イタリア
63%
Country トルコ
63%
Country パプアニューギニア
63%
Country タイ
63%
Country ポーランド
63%
Country タイ
62%
Country オーストラリア
62%
Country エクアドル
60%
Country ペルー
60%
Country ボリビア
60%
Country パナマ
60%
Country エルサルバドル
60%
Country パラグアイ
60%
Country グアテマラ
60%
Country ウルグアイ
60%
Country ベリーズ
60%
Country チリ
60%
Country コロンビア
60%
Country アルゼンチン
60%
Country ブラジル
60%
Country セネガル
60%
Country コートジボワール
60%
Country ガーナ
60%
Country モーリタニア
60%
Country モロッコ
60%
Country アメリカ
60%
Country イギリス
60%
Country ナイジェリア
60%
Country アルジェリア
60%
Country 南アフリカ
60%
Country 中央アフリカ
60%
Country ルワンダ
60%
Country フィンランド
60%
Country ギリシャ
60%
Country ブルガリア
60%
Country タンザニア
60%
Country ケニア
60%
Country イスラエル
60%
Country エジプト
60%
Country 韓国
60%
Country エチオピア
60%
Country ブルネイ
60%
Country トルクメニスタン
60%
Country キルギスタン
60%
Country 日本
60%
Country トルコ
60%
Country イラク
60%
Country フランス
60%
Country イタリア
60%
Country ロシア
60%
Country スイス
60%
Country オーストリア
60%
Country デンマーク
60%
Country ルクセンブルク
60%
Country ドイツ
60%
Country モンゴル
60%
Country 中国
60%
Country インド
60%
Country モルディブ
60%
Country フィリピン
60%
Country スペイン
60%
Country ノルウェー
60%
Country カザフスタン
59%
Country メキシコ
59%
Country アイルランド
58%
Country アイスランド
58%
Country カナダ
58%
Country エジプト
58%
Country 韓国
58%
Country 台湾
58%
Country インドネシア
58%
Country マレーシア
58%
Country タイ
58%
Country 日本
58%
Country イギリス
58%
Country スペイン
58%
Country アメリカ
58%
Country フランス
58%
Country ブラジル
57%
Country 台湾
57%
Country メキシコ
57%
Country オーストラリア
57%
Country フランス
57%
Country ベラルーシ
57%
Country ポーランド
57%
Country 日本
57%
Country イタリア
57%
Country リビア
57%
Country アルジェリア
57%
Country カナダ
57%
Country モンゴル
57%
Country ノルウェー
57%
Country スウェーデン
57%
Country イギリス
57%
Country デンマーク
57%
Country 中国
57%
Country ドイツ
57%
Country ウズベキスタン
57%
Country トルコ
57%
Country イラン
57%
Country アラブ首長国連邦
57%
Country レバノン
57%
Country イラク
57%
Country イスラエル
57%
Country 南アフリカ
57%
Country ポルトガル
57%
Country スペイン
57%
Country チリ
57%
Country ハイチ
57%
Country キューバ
57%
Country パナマ
57%
Country コロンビア
57%
Country エルサルバドル
57%
Country ホンジュラス
57%
Country 北朝鮮
57%
Country フィリピン
57%
Country ネパール
57%
Country インド
57%
Country ウクライナ
57%
Country 北朝鮮
56%
Country メキシコ
56%
Country 韓国
56%
Country ウクライナ
56%
Country ネパール
56%
Country トルクメニスタン
56%
Country ペルー
56%
Country エクアドル
56%
Country パナマ
56%
Country アンティグア・バーブーダ
56%
Country コロンビア
56%
Country キューバ
56%
Country 南アフリカ
56%
Country ナイジェリア
56%
Country モロッコ
56%
Country アイルランド
56%
Country フランス
56%
Country エチオピア
56%
Country リトアニア
56%
Country ラトビア
56%
Country サウジアラビア
56%
Country エストニア
56%
Country ジョージア
56%
Country スウェーデン
56%
Country フィンランド
56%
Country ノルウェー
56%
Country オーストラリア
56%
Country 東ティモール
56%
Country パプアニューギニア
56%
Country パキスタン
56%
Country インドネシア
56%
Country マレーシア
56%
Country バングラデシュ
56%
Country カンボジア
56%
Country カザフスタン
56%
Country タイ
56%
Country ラオス
56%
Country ミャンマー
56%
Country ベトナム
56%
Country フィリピン
56%
Country 台湾
56%
Country 中国
56%
Country ウズベキスタン
56%
Country トルコ
56%
Country スペイン
56%
Country ロシア
56%
Country ポーランド
56%
Country ドイツ
56%
Country 日本
56%
Country アルジェリア
56%
Country イギリス
56%
Country イタリア
56%
Country インド
56%
Country カナダ
56%
Country アフガニスタン
56%
Country ルクセンブルク
56%
Country スイス
56%
Country ミャンマー
55%
Country マレーシア
55%
Country アメリカ
55%
Country 中国
55%
Country ドイツ
55%
Country ブラジル
55%
Country ニュージーランド
54%
Country フランス
54%
Country イタリア
54%
Country ベトナム
53%
Country 台湾
53%
Country インドネシア
53%
Country ポルトガル
53%
Country メキシコ
53%
Country カナダ
53%
Country モロッコ
53%
Country ポーランド
53%
Country スウェーデン
53%
Country ベルギー
53%
Country イギリス
53%
Country エジプト
53%
Country 日本
53%
Country キューバ
53%
Country ドミニカ共和国
53%
Country ドミニカ国
53%
Country インド
50%
Country フィリピン
50%
Country パラオ
50%
Country モンゴル
50%
Country 台湾
50%
Country オーストラリア
50%
Country ボリビア
50%
Country バルバドス
50%
Country キューバ
50%
Country バハマ
50%
Country ブラジル
50%
Country メキシコ
50%
Country ポルトガル
50%
Country マリ
50%
Country モロッコ
50%
Country アイルランド
50%
Country イタリア
50%
Country エジプト
50%
Country トルコ
50%
Country ロシア
50%
Country 北朝鮮
50%
Country 韓国
50%
Country インドネシア
50%
Country 中国
50%
Country ベトナム
50%
Country カンボジア
50%
Country ラオス
50%
Country コートジボワール
50%
Country 南アフリカ
50%
Country イギリス
50%
Country 東ティモール
50%
Country ネパール
50%
Country ミャンマー
50%
Country コスタリカ
50%
Country ニカラグア
50%
Country ホンジュラス
50%
Country ジャマイカ
50%
Country ガイアナ
50%
Country ベネズエラ
50%
Country トリニダード・トバゴ
50%
Country グレナダ
50%
Country ハイチ
50%
Country スリナム
50%
Country ドミニカ共和国
50%
Country セントルシア
50%
Country ドミニカ国
50%
Country セントクリストファー・ネービス
50%
Country アンティグア・バーブーダ
50%
Country サモア
50%
Country トンガ
50%
Country カーボベルデ
50%
Country フィジー
50%
Country ニュージーランド
50%
Country ツバル
50%
Country ギニアビサウ
50%
Country ガンビア
50%
Country シエラレオネ
50%
Country バヌアツ
50%
Country キリバス
50%
Country リベリア
50%
Country ギニア
50%
Country ナウル
50%
Country マーシャル
50%
Country トーゴ
50%
Country ブルキナファソ
50%
Country ソロモン諸島
50%
Country サントメ
50%
Country ベナン
50%
Country カナダ
50%
Country 赤道ギニア
50%
Country アイスランド
50%
Country ガボン
50%
Country レソト
50%
Country アンドラ
50%
Country スペイン
50%
Country ナミビア
50%
Country ボツワナ
50%
Country エスワティニ
50%
Country アンゴラ
50%
Country コンゴ共和国
50%
Country カメルーン
50%
Country モナコ
50%
Country ルクセンブルク
50%
Country ベルギー
50%
Country チュニジア
50%
Country オランダ
50%
Country フランス
50%
Country リヒテンシュタイン
50%
Country ニジェール
50%
Country スイス
50%
Country パプアニューギニア
50%
Country バチカン市国
50%
Country サンマリノ
50%
Country マルタ
50%
Country ジンバブエ
50%
Country ドイツ
50%
Country デンマーク
50%
Country スロベニア
50%
Country オーストリア
50%
Country ザンビア
50%
Country ブルンジ
50%
Country スウェーデン
50%
Country マラウイ
50%
Country チェコ
50%
Country ミクロネシア
50%
Country クロアチア
50%
Country ボスニア・ヘルツェゴビナ
50%
Country ノルウェー
50%
Country モンテネグロ
50%
Country アルバニア
50%
Country コンゴ民主共和国
50%
Country チャド
50%
Country コソボ
50%
Country 北マケドニア
50%
Country スロバキア
50%
Country セルビア
50%
Country ハンガリー
50%
Country ポーランド
50%
Country リビア
50%
Country エストニア
50%
Country リトアニア
50%
Country ウガンダ
50%
Country ラトビア
50%
Country モザンビーク
50%
Country ルーマニア
50%
Country 南スーダン
50%
Country コモロ
50%
Country モルドバ
50%
Country ベラルーシ
50%
Country キプロス
50%
Country マダガスカル
50%
Country レバノン
50%
Country ウクライナ
50%
Country スーダン
50%
Country ヨルダン
50%
Country エリトリア
50%
Country ジブチ
50%
Country シリア
50%
Country モーリシャス
50%
Country ジョージア
50%
Country アルメニア
50%
Country セーシェル
50%
Country ソマリア
50%
Country アゼルバイジャン
50%
Country イラク
50%
Country クウェート
50%
Country バーレーン
50%
Country イエメン
50%
Country カタール
50%
Country サウジアラビア
50%
Country | Country シンガポール
50%
Country アラブ首長国連邦
50%
Country オマーン
50%
Country マレーシア
50%
Country イラン
50%
Country タイ
50%
Country アフガニスタン
50%
Country モルディブ
50%
Country スリランカ
50%
Country バングラデシュ
50%
Country ブータン
50%
Country パキスタン
50%
Country アメリカ
50%
Country トルクメニスタン
50%
Country イスラエル
50%
Country ウズベキスタン
50%
Country カザフスタン
50%
Country ギリシャ
50%
Country ナイジェリア
50%
Country ブルガリア
50%
Country 日本
50%
Country 中央アフリカ
50%
Country フィンランド
50%
Country ブルネイ
50%
Country タジキスタン
50%
Country キルギスタン
50%
Country ケニア
50%
Country タンザニア
50%
Country エチオピア
50%
Country ルワンダ
50%
Country ガーナ
50%
Country アルジェリア
50%
Country セネガル
50%
Country モーリタニア
50%
Country パラグアイ
50%
Country ペルー
50%
Country エクアドル
50%
Country エルサルバドル
50%
Country グアテマラ
50%
Country セントビンセント及び グレナディーン諸島
50%
Country Mystery Country
50%
Country タイ
47%
Country ラオス
47%
Country カンボジア
47%
Country スイス
47%
Country ギリシャ
47%
Country アルゼンチン
47%
Country パナマ
47%
Country キューバ
47%
Country 中国
47%
Country アフガニスタン
47%
Country カザフスタン
47%
Country トルコ
47%
Country ウクライナ
47%
Country 日本
47%
Country フランス
47%
Country ロシア
47%
Country インド
47%
Country 南アフリカ
47%
Country メキシコ
46%
Country カナダ
46%
Country ラオス
46%
Country カンボジア
46%
Country パプアニューギニア
46%
Country ドイツ
46%
Country スイス
46%
Country アメリカ
45%
Country 北朝鮮
45%
Country 韓国
45%
Country 台湾
45%
Country ラオス
45%
Country フィリピン
45%
Country オーストラリア
45%
Country ロシア
45%
Country イラク
45%
Country イラン
45%
Country エジプト
45%
Country サウジアラビア
45%
Country モンゴル
45%
Country カザフスタン
45%
Country イギリス
45%
Country アルゼンチン
45%
Country キューバ
44%
Country タイ
44%
Country フィリピン
44%
Country インドネシア
44%
Country ブラジル
44%
Country イギリス
44%
Country 北朝鮮
44%
Country ドイツ
44%
Country ベラルーシ
44%
Country ブータン
44%
Country キルギスタン
44%
Country ウズベキスタン
44%
Country ウルグアイ
44%
Country パラグアイ
44%
Country ボリビア
44%
Country スリナム
44%
Country ガイアナ
44%
Country トリニダード・トバゴ
44%
Country グレナダ
44%
Country バルバドス
44%
Country セントルシア
44%
Country ベネズエラ
44%
Country ドミニカ国
44%
Country セントクリストファー・ネービス
44%
Country コスタリカ
44%
Country リベリア
44%
Country シエラレオネ
44%
Country カーボベルデ
44%
Country ギニアビサウ
44%
Country ドミニカ共和国
44%
Country ニカラグア
44%
Country ガンビア
44%
Country ハイチ
44%
Country ジャマイカ
44%
Country エルサルバドル
44%
Country ギニア
44%
Country ホンジュラス
44%
Country セネガル
44%
Country レソト
44%
Country コートジボワール
44%
Country サントメ
44%
Country ベリーズ
44%
Country グアテマラ
44%
Country ナミビア
44%
Country エスワティニ
44%
Country ボツワナ
44%
Country ガーナ
44%
Country トーゴ
44%
Country 赤道ギニア
44%
Country バハマ
44%
Country ベナン
44%
Country ブルキナファソ
44%
Country ガボン
44%
Country アンゴラ
44%
Country ジンバブエ
44%
Country コンゴ共和国
44%
Country モーリタニア
44%
Country マリ
44%
Country ザンビア
44%
Country カメルーン
44%
Country マラウイ
44%
Country ブルンジ
44%
Country ルワンダ
44%
Country モザンビーク
44%
Country 中央アフリカ
44%
Country コンゴ民主共和国
44%
Country コモロ
44%
Country ニジェール
44%
Country タンザニア
44%
Country ウガンダ
44%
Country ポルトガル
44%
Country マダガスカル
44%
Country チャド
44%
Country ニュージーランド
44%
Country アルジェリア
44%
Country 南スーダン
44%
Country アンドラ
44%
Country ケニア
44%
Country チュニジア
44%
Country マルタ
44%
Country モーリシャス
44%
Country モナコ
44%
Country バチカン市国
44%
Country リビア
44%
Country セーシェル
44%
Country サンマリノ
44%
Country サモア
44%
Country トンガ
44%
Country ジブチ
44%
Country エリトリア
44%
Country リヒテンシュタイン
44%
Country スイス
44%
Country ルクセンブルク
44%
Country スーダン
44%
Country ベルギー
44%
Country イタリア
44%
Country アルバニア
44%
Country モンテネグロ
44%
Country スロベニア
44%
Country オランダ
44%
Country コソボ
44%
Country ボスニア・ヘルツェゴビナ
44%
Country 北マケドニア
44%
Country クロアチア
44%
Country エジプト
44%
Country オーストリア
44%
Country セルビア
44%
Country ギリシャ
44%
Country ソマリア
44%
Country チェコ
44%
Country キプロス
44%
Country フィジー
44%
Country イスラエル
44%
Country ハンガリー
44%
Country スロバキア
44%
Country レバノン
44%
Country ブルガリア
44%
Country ヨルダン
44%
Country ルーマニア
44%
Country イエメン
44%
Country モルドバ
44%
Country ポーランド
44%
Country バヌアツ
44%
Country ツバル
44%
Country シリア
44%
Country バーレーン
44%
Country クウェート
44%
Country カタール
44%
Country イラク
44%
Country トルコ
44%
Country アルメニア
44%
Country アラブ首長国連邦
44%
Country オマーン
44%
Country モルディブ
44%
Country アゼルバイジャン
44%
Country キリバス
44%
Country ナウル
44%
Country ソロモン諸島
44%
Country スリランカ
44%
Country イラン
44%
Country トルクメニスタン
44%
Country マーシャル
44%
Country シンガポール
44%
Country アフガニスタン
44%
Country タジキスタン
44%
Country ブルネイ
44%
Country ネパール
44%
Country パラオ
44%
Country ミクロネシア
44%
Country モンゴル
44%
Country アメリカ
44%
Country アイスランド
44%
Country ウクライナ
44%
Country スペイン
44%
Country デンマーク
44%
Country フィンランド
44%
Country スウェーデン
44%
Country 南アフリカ
44%
Country フランス
44%
Country カンボジア
44%
Country マレーシア
44%
Country インド
44%
Country パキスタン
44%
Country パプアニューギニア
44%
Country カザフスタン
44%
Country オーストラリア
44%
Country エチオピア
44%
Country アイルランド
44%
Country モロッコ
44%
Country アルゼンチン
44%
Country チリ
44%
Country コロンビア
44%
Country セントビンセント及び グレナディーン諸島
44%
Country Mystery Country
44%
Country カザフスタン
43%
Country ベトナム
43%
Country マレーシア
43%
Country スペイン
43%
Country スウェーデン
43%
Country オーストリア
43%
Country ギリシャ
43%
Country スロバキア
43%
Country ハンガリー
43%
Country ルーマニア
43%
Country トルコ
43%
Country 南アフリカ
43%
Country ポルトガル
43%
Country ナイジェリア
43%
Country モーリタニア
43%
Country ガーナ
43%
Country コートジボワール
43%
Country メキシコ
43%
Country エクアドル
43%
Country オーストラリア
43%
Country エストニア
43%
Country ラトビア
43%
Country オランダ
43%
Country ベルギー
43%
Country リトアニア
43%
Country スイス
43%
Country ポーランド
43%
Country フランス
43%
Country トルクメニスタン
43%
Country ジョージア
43%
Country キプロス
43%
Country ボツワナ
43%
Country ナミビア
43%
Country シリア
43%
Country ジンバブエ
43%
Country アンゴラ
43%
Country マラウイ
43%
Country ガボン
43%
Country イエメン
43%
Country コンゴ共和国
43%
Country ブルンジ
43%
Country コンゴ民主共和国
43%
Country エチオピア
43%
Country ケニア
43%
Country スーダン
43%
Country 中国
43%
Country 日本
43%
Country バチカン市国
43%
Country チュニジア
43%
Country フィンランド
43%
Country モナコ
43%
Country ドイツ
43%
Country アンドラ
43%
Country ノルウェー
43%
Country アイルランド
43%
Country アイスランド
43%
Country アルゼンチン
43%
Country ドミニカ国
43%
Country ブラジル
43%
Country ペルー
43%
Country ベネズエラ
43%
Country バハマ
43%
Country ジャマイカ
43%
Country ベリーズ
43%
Country グアテマラ
43%
Country コスタリカ
43%
Country パラオ
43%
Country タイ
43%
Country シンガポール
43%
Country インドネシア
43%
Country ミクロネシア
43%
Country アフガニスタン
43%
Country ウズベキスタン
43%
Country パキスタン
43%
Country アゼルバイジャン
43%
Country カタール
43%
Country イラン
43%
Country サウジアラビア
43%
Country ルクセンブルク
43%
Country セーシェル
43%
Country イギリス
43%
Country マダガスカル
43%
Country カナダ
43%
Country カメルーン
43%
Country モロッコ
43%
Country マリ
43%
Country アメリカ
43%
Country ギニア
43%
Country エルサルバドル
43%
Country ニカラグア
43%
Country アンティグア・バーブーダ
43%
Country パナマ
43%
Country ペルー
42%
Country パナマ
42%
Country ベネズエラ
42%
Country コロンビア
42%
Country ジャマイカ
42%
Country アルゼンチン
42%
Country キューバ
42%
Country カーボベルデ
42%
Country ガンビア
42%
Country リベリア
42%
Country モロッコ
42%
Country ポルトガル
42%
Country ナイジェリア
42%
Country ナミビア
42%
Country スペイン
42%
Country アルジェリア
42%
Country トンガ
42%
Country チュニジア
42%
Country フランス
42%
Country ニュージーランド
42%
Country スイス
42%
Country チャド
42%
Country イタリア
42%
Country オーストリア
42%
Country ケニア
42%
Country イスラエル
42%
Country エチオピア
42%
Country カタール
42%
Country サウジアラビア
42%
Country オマーン
42%
Country イラン
42%
Country ウズベキスタン
42%
Country モルディブ
42%
Country ミクロネシア
42%
Country アフガニスタン
42%
Country タジキスタン
42%
Country カザフスタン
42%
Country パキスタン
42%
Country スリランカ
42%
Country 北朝鮮
42%
Country シンガポール
42%
Country ラオス
42%
Country 中国
42%
Country ベルギー
42%
Country メキシコ
41%
Country オーストラリア
41%
Country マレーシア
41%
Country ロシア
41%
Country アルゼンチン
41%
Country パナマ
41%
Country オーストラリア
40%
Country 韓国
40%
Country イギリス
40%
Country モンゴル
40%
Country イスラエル
40%
Country アゼルバイジャン
40%
Country エジプト
40%
Country アメリカ
40%
Country カナダ
40%
Country オランダ
40%
Country スペイン
40%
Country 中国
40%
Country ウクライナ
40%
Country ルーマニア
40%
Country チェコ
40%
Country リヒテンシュタイン
40%
Country オーストリア
40%
Country ツバル
40%
Country インドネシア
40%
Country カンボジア
40%
Country 台湾
40%
Country タイ
40%
Country ラオス
40%
Country ペルー
40%
Country コスタリカ
40%
Country インド
40%
Country アルジェリア
40%
Country フィンランド
40%
Country ハンガリー
40%
Country モナコ
40%
Country ノルウェー
40%
Country イタリア
40%
Country カザフスタン
40%
Country ロシア
40%
Country パキスタン
40%
Country カタール
40%
Country オマーン
40%
Country イエメン
40%
Country コンゴ民主共和国
40%
Country ドイツ
40%
Country ギニア
40%
Country 南スーダン
40%
Country ウガンダ
40%
Country ルワンダ
40%
Country 赤道ギニア
40%
Country アフガニスタン
40%
Country セネガル
40%
Country ミャンマー
40%
Country ガーナ
40%
Country ニジェール
40%
Country イラク
40%
Country イラン
40%
Country バーレーン
40%
Country スリランカ
40%
Country チャド
40%
Country サウジアラビア
40%
Country エリトリア
40%
Country ジブチ
40%
Country ナミビア
40%
Country ボツワナ
40%
Country ソマリア
40%
Country ケニア
40%
Country ザンビア
40%
Country 南アフリカ
40%
Country ブラジル
40%
Country アイルランド
40%
Country フランス
40%
Country フィジー
40%
Country ナウル
40%
Country パプアニューギニア
40%
Country ミクロネシア
40%
Country ネパール
40%
Country パラオ
40%
Country ベトナム
40%
Country マレーシア
40%
Country トルクメニスタン
40%
Country ベルギー
40%
Country ギリシャ
40%
Country ルクセンブルク
40%
Country ラトビア
40%
Country ブルガリア
40%
Country モルドバ
40%
Country ベラルーシ
40%
Country クロアチア
40%
Country カザフスタン
38%
Country シンガポール
38%
Country ベトナム
38%
Country 台湾
38%
Country マレーシア
38%
Country メキシコ
38%
Country 韓国
38%
Country カナダ
38%
Country イギリス
38%
Country エストニア
38%
Country キルギスタン
38%
Country イタリア
38%
Country タジキスタン
38%
Country ベラルーシ
38%
Country ウズベキスタン
38%
Country ギリシャ
38%
Country ジョージア
38%
Country アルメニア
38%
Country レバノン
38%
Country アゼルバイジャン
38%
Country モンゴル
38%
Country ドイツ
38%
Country キプロス
38%
Country クウェート
38%
Country アラブ首長国連邦
38%
Country アメリカ
38%
Country インド
38%
Country 中国
38%
Country ロシア
38%
Country トルコ
38%
Country スペイン
38%
Country 南アフリカ
38%
Country オーストリア
38%
Country マルタ
38%
Country イスラエル
38%
Country エチオピア
38%
Country マリ
38%
Country チュニジア
38%
Country アルジェリア
38%
Country レソト
38%
Country エスワティニ
38%
Country マダガスカル
38%
Country モーリシャス
38%
Country コモロ
38%
Country セーシェル
38%
Country モザンビーク
38%
Country ジンバブエ
38%
Country マラウイ
38%
Country ボツワナ
38%
Country オーストラリア
38%
Country ブルネイ
38%
Country ザンビア
38%
Country モルディブ
38%
Country ナミビア
38%
Country ブルンジ
38%
Country タンザニア
38%
Country スリランカ
38%
Country ルワンダ
38%
Country ケニア
38%
Country バヌアツ
38%
Country ウガンダ
38%
Country ソロモン諸島
38%
Country ソマリア
38%
Country パラオ
38%
Country ジブチ
38%
Country フィジー
38%
Country トンガ
38%
Country アンゴラ
38%
Country サモア
38%
Country 南スーダン
38%
Country イエメン
38%
Country コンゴ民主共和国
38%
Country ウルグアイ
38%
Country エリトリア
38%
Country ナウル
38%
Country ツバル
38%
Country コンゴ共和国
38%
Country ガボン
38%
Country ミクロネシア
38%
Country サントメ
38%
Country 赤道ギニア
38%
Country オマーン
38%
Country カタール
38%
Country バーレーン
38%
Country スーダン
38%
Country アルゼンチン
38%
Country カメルーン
38%
Country パラグアイ
38%
Country チリ
38%
Country チャド
38%
Country ヨルダン
38%
Country マーシャル
38%
Country ナイジェリア
38%
Country ベナン
38%
Country トーゴ
38%
Country アフガニスタン
38%
Country ガーナ
38%
Country イラク
38%
Country シリア
38%
Country ニジェール
38%
Country ボリビア
38%
Country キリバス
38%
Country リベリア
38%
Country コートジボワール
38%
Country イラン
38%
Country ブルキナファソ
38%
Country トルクメニスタン
38%
Country シエラレオネ
38%
Country リビア
38%
Country 北マケドニア
38%
Country アルバニア
38%
Country コソボ
38%
Country ギニアビサウ
38%
Country モンテネグロ
38%
Country ブルガリア
38%
Country バチカン市国
38%
Country ガンビア
38%
Country サンマリノ
38%
Country ボスニア・ヘルツェゴビナ
38%
Country セネガル
38%
Country クロアチア
38%
Country ペルー
38%
Country スロベニア
38%
Country モルドバ
38%
Country ルーマニア
38%
Country モナコ
38%
Country ハンガリー
38%
Country エクアドル
38%
Country リヒテンシュタイン
38%
Country スロバキア
38%
Country スイス
38%
Country モーリタニア
38%
Country スリナム
38%
Country アンドラ
38%
Country チェコ
38%
Country カーボベルデ
38%
Country ルクセンブルク
38%
Country モロッコ
38%
Country ガイアナ
38%
Country ベルギー
38%
Country オランダ
38%
Country リトアニア
38%
Country トリニダード・トバゴ
38%
Country ラトビア
38%
Country パナマ
38%
Country ポルトガル
38%
Country グレナダ
38%
Country コスタリカ
38%
Country バルバドス
38%
Country セントルシア
38%
Country コロンビア
38%
Country エルサルバドル
38%
Country ニカラグア
38%
Country アイルランド
38%
Country セントクリストファー・ネービス
38%
Country アンティグア・バーブーダ
38%
Country グアテマラ
38%
Country ホンジュラス
38%
Country ベリーズ
38%
Country ドミニカ共和国
38%
Country ジャマイカ
38%
Country ハイチ
38%
Country キューバ
38%
Country バハマ
38%
Country アイスランド
38%
Country セントビンセント及び グレナディーン諸島
38%
Country Mystery Country
38%
Country イギリス
36%
Country スイス
36%
Country イタリア
36%
Country パキスタン
36%
Country バングラデシュ
36%
Country キリバス
36%
Country バヌアツ
36%
Country ミクロネシア
36%
Country パラオ
36%
Country ブラジル
36%
Country カナダ
36%
Country 中国
36%
Country サウジアラビア
36%
Country ベルギー
36%
Country オランダ
36%
Country フィンランド
36%
Country デンマーク
36%
Country エストニア
36%
Country トルコ
36%
Country モンゴル
36%
Country カザフスタン
36%
Country イスラエル
36%
Country インドネシア
36%
Country インド
36%
Country イラン
36%
Country イラク
36%
Country エジプト
36%
Country ナイジェリア
36%
Country ケニア
36%
Country 南アフリカ
36%
Country ロシア
36%
Country メキシコ
36%
Country チリ
36%
Country パラグアイ
36%
Country ニュージーランド
35%
Country シンガポール
35%
Country ブルネイ
35%
Country イギリス
35%
Country ウルグアイ
35%
Country スペイン
35%
Country ホンジュラス
35%
Country コロンビア
35%
Country | Country ボリビア
33%
Country パラグアイ
33%
Country エクアドル
33%
Country ウルグアイ
33%
Country ガイアナ
33%
Country コスタリカ
33%
Country スリナム
33%
Country トリニダード・トバゴ
33%
Country グレナダ
33%
Country ニカラグア
33%
Country バルバドス
33%
Country セントルシア
33%
Country エルサルバドル
33%
Country ドミニカ国
33%
Country ホンジュラス
33%
Country セントクリストファー・ネービス
33%
Country アンティグア・バーブーダ
33%
Country ドミニカ共和国
33%
Country ハイチ
33%
Country ベリーズ
33%
Country グアテマラ
33%
Country | Country チリ
33%
Country バハマ
33%
Country ブラジル
33%
Country ギニアビサウ
33%
Country シエラレオネ
33%
Country セネガル
33%
Country ギニア
33%
Country ガーナ
33%
Country トーゴ
33%
Country モーリタニア
33%
Country ブルキナファソ
33%
Country サントメ
33%
Country ベナン
33%
Country 赤道ギニア
33%
Country マリ
33%
Country ガボン
33%
Country カメルーン
33%
Country コンゴ共和国
33%
Country アンドラ
33%
Country アンゴラ
33%
Country レソト
33%
Country サモア
33%
Country ボツワナ
33%
Country ニジェール
33%
Country エスワティニ
33%
Country モナコ
33%
Country ルクセンブルク
33%
Country ベルギー
33%
Country リヒテンシュタイン
33%
Country マルタ
33%
Country ジンバブエ
33%
Country バチカン市国
33%
Country オランダ
33%
Country サンマリノ
33%
Country 中央アフリカ
33%
Country ブルンジ
33%
Country ルワンダ
33%
Country ザンビア
33%
Country マラウイ
33%
Country フィジー
33%
Country コンゴ民主共和国
33%
Country スロベニア
33%
Country ドイツ
33%
Country デンマーク
33%
Country ボスニア・ヘルツェゴビナ
33%
Country クロアチア
33%
Country モンテネグロ
33%
Country アルバニア
33%
Country チェコ
33%
Country ツバル
33%
Country コソボ
33%
Country ウガンダ
33%
Country リビア
33%
Country 北マケドニア
33%
Country セルビア
33%
Country スロバキア
33%
Country ハンガリー
33%
Country モザンビーク
33%
Country 南スーダン
33%
Country タンザニア
33%
Country ポーランド
33%
Country スウェーデン
33%
Country ギリシャ
33%
Country リトアニア
33%
Country コモロ
33%
Country ブルガリア
33%
Country エストニア
33%
Country ラトビア
33%
Country ノルウェー
33%
Country ルーマニア
33%
Country バヌアツ
33%
Country モルドバ
33%
Country フィンランド
33%
Country キリバス
33%
Country ベラルーシ
33%
Country キプロス
33%
Country スーダン
33%
Country ナウル
33%
Country マダガスカル
33%
Country レバノン
33%
Country エリトリア
33%
Country ジブチ
33%
Country ヨルダン
33%
Country ウクライナ
33%
Country マーシャル
33%
Country シリア
33%
Country トルコ
33%
Country セーシェル
33%
Country ジョージア
33%
Country アルメニア
33%
Country ソロモン諸島
33%
Country ソマリア
33%
Country モーリシャス
33%
Country クウェート
33%
Country イラク
33%
Country アゼルバイジャン
33%
Country バーレーン
33%
Country イエメン
33%
Country アラブ首長国連邦
33%
Country パプアニューギニア
33%
Country トルクメニスタン
33%
Country キルギスタン
33%
Country パラオ
33%
Country ブータン
33%
Country バングラデシュ
33%
Country ブルネイ
33%
Country カンボジア
33%
Country アルゼンチン
33%
Country ベネズエラ
33%
Country オーストラリア
33%
Country アイスランド
33%
Country ポルトガル
33%
Country アイルランド
33%
Country シンガポール
33%
Country フィリピン
33%
Country フランス
33%
Country スイス
33%
Country 台湾
33%
Country ベトナム
33%
Country ラオス
33%
Country タイ
33%
Country タジキスタン
33%
Country メキシコ
33%
Country インド
33%
Country カナダ
33%
Country アフガニスタン
33%
Country イタリア
33%
Country モロッコ
33%
Country イギリス
33%
Country オーストリア
33%
Country コロンビア
33%
Country キューバ
33%
Country モンゴル
33%
Country サウジアラビア
33%
Country 中国
33%
Country エジプト
33%
Country カザフスタン
33%
Country ニュージーランド
33%
Country トンガ
33%
Country 東ティモール
33%
Country ペルー
33%
Country ミクロネシア
33%
Country パナマ
33%
Country 南アフリカ
33%
Country ナミビア
33%
Country ジャマイカ
33%
Country マレーシア
33%
Country インドネシア
33%
Country スリランカ
33%
Country モルディブ
33%
Country リベリア
33%
Country 韓国
33%
Country ケニア
33%
Country ミャンマー
33%
Country 北朝鮮
33%
Country カーボベルデ
33%
Country コートジボワール
33%
Country ガンビア
33%
Country エチオピア
33%
Country ネパール
33%
Country オマーン
33%
Country カタール
33%
Country チャド
33%
Country パキスタン
33%
Country イスラエル
33%
Country アルジェリア
33%
Country チュニジア
33%
Country ウズベキスタン
33%
Country スペイン
33%
Country ロシア
33%
Country ナイジェリア
33%
Country アメリカ
33%
Country イラン
33%
Country セントビンセント及び グレナディーン諸島
33%
Country Mystery Country
33%
Country シンガポール
31%
Country イギリス
31%
Country アイスランド
31%
Country ブータン
31%
Country バングラデシュ
31%
Country ミャンマー
31%
Country ポーランド
31%
Country ウクライナ
31%
Country ギリシャ
31%
Country 北朝鮮
30%
Country 台湾
30%
Country インドネシア
30%
Country フィンランド
30%
Country ドイツ
30%
Country イタリア
30%
Country 中央アフリカ
30%
Country スリランカ
30%
Country ウクライナ
30%
Country ネパール
30%
Country キルギスタン
30%
Country ジョージア
30%
Country レバノン
30%
Country アルメニア
30%
Country シリア
30%
Country イエメン
30%
Country バーレーン
30%
Country オマーン
30%
Country 韓国
30%
Country サウジアラビア
30%
Country イラン
30%
Country デンマーク
30%
Country ベラルーシ
30%
Country スロバキア
30%
Country クロアチア
30%
Country ハンガリー
30%
Country モンゴル
30%
Country イギリス
30%
Country フランス
30%
Country ギリシャ
30%
Country アゼルバイジャン
30%
Country クウェート
30%
Country スーダン
30%
Country オーストラリア
30%
Country コロンビア
30%
Country ペルー
30%
Country チリ
30%
Country 中国
30%
Country ボリビア
30%
Country パラグアイ
30%
Country アルゼンチン
30%
Country ウルグアイ
30%
Country インド
30%
Country トルコ
30%
Country アラブ首長国連邦
30%
Country ギニアビサウ
30%
Country ソマリア
30%
Country ガーナ
30%
Country チャド
30%
Country レソト
30%
Country エスワティニ
30%
Country ナイジェリア
30%
Country 南アフリカ
30%
Country ジンバブエ
30%
Country ナミビア
30%
Country コンゴ共和国
30%
Country ザンビア
30%
Country | Country パナマ
30%
Country コスタリカ
30%
Country エクアドル
30%
Country ニカラグア
30%
Country ベネズエラ
30%
Country ジャマイカ
30%
Country トリニダード・トバゴ
30%
Country グレナダ
30%
Country ガイアナ
30%
Country エルサルバドル
30%
Country ホンジュラス
30%
Country セントルシア
30%
Country ハイチ
30%
Country ドミニカ共和国
30%
Country バルバドス
30%
Country ドミニカ国
30%
Country セントクリストファー・ネービス
30%
Country ベリーズ
30%
Country スリナム
30%
Country アンティグア・バーブーダ
30%
Country グアテマラ
30%
Country キューバ
30%
Country バハマ
30%
Country メキシコ
30%
Country カーボベルデ
30%
Country ガンビア
30%
Country セネガル
30%
Country シエラレオネ
30%
Country ギニア
30%
Country リベリア
30%
Country モーリタニア
30%
Country コートジボワール
30%
Country ポルトガル
30%
Country トーゴ
30%
Country モロッコ
30%
Country ブルキナファソ
30%
Country アイスランド
30%
Country ベナン
30%
Country マリ
30%
Country アンドラ
30%
Country スペイン
30%
Country サントメ
30%
Country ベルギー
30%
Country ルクセンブルク
30%
Country モナコ
30%
Country オランダ
30%
Country 赤道ギニア
30%
Country リヒテンシュタイン
30%
Country スイス
30%
Country チュニジア
30%
Country アルジェリア
30%
Country バチカン市国
30%
Country サンマリノ
30%
Country ガボン
30%
Country マルタ
30%
Country カメルーン
30%
Country ニジェール
30%
Country スロベニア
30%
Country オーストリア
30%
Country チェコ
30%
Country ボスニア・ヘルツェゴビナ
30%
Country スウェーデン
30%
Country モンテネグロ
30%
Country サモア
30%
Country アルバニア
30%
Country コソボ
30%
Country ノルウェー
30%
Country ポーランド
30%
Country セルビア
30%
Country 北マケドニア
30%
Country リトアニア
30%
Country エストニア
30%
Country トンガ
30%
Country ラトビア
30%
Country アンゴラ
30%
Country リビア
30%
Country ブルガリア
30%
Country ルーマニア
30%
Country モルドバ
30%
Country ボツワナ
30%
Country ブルンジ
30%
Country ルワンダ
30%
Country キプロス
30%
Country ツバル
30%
Country コンゴ民主共和国
30%
Country ニュージーランド
30%
Country マラウイ
30%
Country ウガンダ
30%
Country エジプト
30%
Country ヨルダン
30%
Country 南スーダン
30%
Country キリバス
30%
Country タンザニア
30%
Country モザンビーク
30%
Country バヌアツ
30%
Country ケニア
30%
Country マーシャル
30%
Country エリトリア
30%
Country ジブチ
30%
Country コモロ
30%
Country エチオピア
30%
Country マダガスカル
30%
Country ソロモン諸島
30%
Country トルクメニスタン
30%
Country ウズベキスタン
30%
Country セーシェル
30%
Country モーリシャス
30%
Country タジキスタン
30%
Country パキスタン
30%
Country モルディブ
30%
Country ブータン
30%
Country 東ティモール
30%
Country バングラデシュ
30%
Country ブルネイ
30%
Country カンボジア
30%
Country ベトナム
30%
Country ブラジル
30%
Country アフガニスタン
30%
Country カザフスタン
30%
Country セントビンセント及び グレナディーン諸島
30%
Country Mystery Country
30%
Country スペイン
29%
Country フランス
29%
Country ドミニカ国
29%
Country ハイチ
29%
Country キューバ
29%
Country インドネシア
29%
Country ミクロネシア
29%
Country パプアニューギニア
29%
Country ツバル
29%
Country ニュージーランド
29%
Country イギリス
29%
Country パキスタン
29%
Country ネパール
29%
Country メキシコ
29%
Country ノルウェー
29%
Country イラク
29%
Country レバノン
29%
Country シリア
29%
Country ラトビア
29%
Country クロアチア
29%
Country リトアニア
29%
Country アメリカ
29%
Country ロシア
29%
Country ドイツ
29%
Country ケニア
29%
Country モナコ
29%
Country ウガンダ
29%
Country チュニジア
29%
Country ブラジル
29%
Country セネガル
29%
Country マリ
29%
Country ギニア
29%
Country | Country サモア
29%
Country トンガ
29%
Country フィジー
29%
Country キリバス
29%
Country ナウル
29%
Country バヌアツ
29%
Country マーシャル
29%
Country ソロモン諸島
29%
Country エルサルバドル
29%
Country グアテマラ
29%
Country ベリーズ
29%
Country コスタリカ
29%
Country ホンジュラス
29%
Country ニカラグア
29%
Country パナマ
29%
Country ジャマイカ
29%
Country パラオ
29%
Country ペルー
29%
Country チリ
29%
Country バハマ
29%
Country コロンビア
29%
Country ドミニカ共和国
29%
Country 東ティモール
29%
Country ボリビア
29%
Country セントクリストファー・ネービス
29%
Country ウルグアイ
29%
Country グレナダ
29%
Country 韓国
29%
Country アンティグア・バーブーダ
29%
Country セントルシア
29%
Country トリニダード・トバゴ
29%
Country 北朝鮮
29%
Country パラグアイ
29%
Country アルゼンチン
29%
Country ベネズエラ
29%
Country バルバドス
29%
Country 台湾
29%
Country フィリピン
29%
Country ガイアナ
29%
Country ブルネイ
29%
Country スリナム
29%
Country | Country シンガポール
29%
Country ベトナム
29%
Country カンボジア
29%
Country ラオス
29%
Country マレーシア
29%
Country タイ
29%
Country アイスランド
29%
Country ミャンマー
29%
Country ブータン
29%
Country バングラデシュ
29%
Country アイルランド
29%
Country カーボベルデ
29%
Country スリランカ
29%
Country ルクセンブルク
29%
Country キルギスタン
29%
Country ポルトガル
29%
Country タジキスタン
29%
Country リヒテンシュタイン
29%
Country チェコ
29%
Country アンドラ
29%
Country ガンビア
29%
Country ギニアビサウ
29%
Country スロバキア
29%
Country オーストリア
29%
Country モルディブ
29%
Country スロベニア
29%
Country ハンガリー
29%
Country サンマリノ
29%
Country インド
29%
Country シエラレオネ
29%
Country バチカン市国
29%
Country モルドバ
29%
Country ボスニア・ヘルツェゴビナ
29%
Country モロッコ
29%
Country レソト
29%
Country モンテネグロ
29%
Country ルーマニア
29%
Country コソボ
29%
Country セルビア
29%
Country リベリア
29%
Country アフガニスタン
29%
Country 北マケドニア
29%
Country モーリタニア
29%
Country ブルガリア
29%
Country アルバニア
29%
Country エスワティニ
29%
Country アルメニア
29%
Country アゼルバイジャン
29%
Country イタリア
29%
Country マルタ
29%
Country コートジボワール
29%
Country 南アフリカ
29%
Country モーリシャス
29%
Country ガーナ
29%
Country トーゴ
29%
Country ブルキナファソ
29%
Country バーレーン
29%
Country マダガスカル
29%
Country クウェート
29%
Country カタール
29%
Country ベナン
29%
Country オマーン
29%
Country アルジェリア
29%
Country サントメ
29%
Country コモロ
29%
Country セーシェル
29%
Country ヨルダン
29%
Country モザンビーク
29%
Country 赤道ギニア
29%
Country ザンビア
29%
Country ニジェール
29%
Country ナイジェリア
29%
Country リビア
29%
Country カメルーン
29%
Country ジブチ
29%
Country ソマリア
29%
Country ルワンダ
29%
Country タンザニア
29%
Country エリトリア
29%
Country チャド
29%
Country 中央アフリカ
29%
Country アラブ首長国連邦
29%
Country イエメン
29%
Country マラウイ
29%
Country モンゴル
29%
Country エチオピア
29%
Country ブルンジ
29%
Country ジンバブエ
29%
Country トルクメニスタン
29%
Country ウズベキスタン
29%
Country イラン
29%
Country ボツワナ
29%
Country サウジアラビア
29%
Country イスラエル
29%
Country 南スーダン
29%
Country ジョージア
29%
Country カザフスタン
29%
Country キプロス
29%
Country スーダン
29%
Country ナミビア
29%
Country エジプト
29%
Country コンゴ民主共和国
29%
Country アンゴラ
29%
Country コンゴ共和国
29%
Country トルコ
29%
Country ガボン
29%
Country ギリシャ
29%
Country ウクライナ
29%
Country ベラルーシ
29%
Country エストニア
29%
Country ポーランド
29%
Country スウェーデン
29%
Country デンマーク
29%
Country オーストラリア
29%
Country オランダ
29%
Country エクアドル
29%
Country セントビンセント及び グレナディーン諸島
29%
Country Mystery Country
29%
Country キューバ
27%
Country ポルトガル
27%
Country スペイン
27%
Country メキシコ
27%
Country ベルギー
27%
Country イギリス
27%
Country フランス
27%
Country アルジェリア
27%
Country オランダ
27%
Country ドイツ
27%
Country オーストリア
27%
Country カナダ
27%
Country エジプト
27%
Country シリア
27%
Country トルコ
27%
Country ケニア
27%
Country タンザニア
27%
Country エチオピア
27%
Country ソマリア
27%
Country オマーン
27%
Country イラン
27%
Country アフガニスタン
27%
Country カザフスタン
27%
Country トンガ
27%
Country ネパール
27%
Country | Country ニュージーランド
27%
Country ツバル
27%
Country マーシャル
27%
Country ソロモン諸島
27%
Country シンガポール
27%
Country ブルネイ
27%
Country パプアニューギニア
27%
Country 韓国
27%
Country ブラジル
27%
Country 中国
27%
Country ラトビア
27%
Country デンマーク
27%
Country ルクセンブルク
27%
Country リビア
27%
Country ノルウェー
27%
Country アイルランド
27%
Country バヌアツ
27%
Country サモア
27%
Country 東ティモール
27%
Country パラオ
27%
Country ミクロネシア
27%
Country マレーシア
27%
Country ウルグアイ
27%
Country レソト
27%
Country エスワティニ
27%
Country パラグアイ
27%
Country モーリシャス
27%
Country ベトナム
27%
Country マダガスカル
27%
Country モルディブ
27%
Country ボリビア
27%
Country コモロ
27%
Country セーシェル
27%
Country 北朝鮮
27%
Country エクアドル
27%
Country ジンバブエ
27%
Country ボツワナ
27%
Country モザンビーク
27%
Country エルサルバドル
27%
Country バングラデシュ
27%
Country ナミビア
27%
Country ブータン
27%
Country マラウイ
27%
Country グアテマラ
27%
Country ベリーズ
27%
Country ザンビア
27%
Country ニカラグア
27%
Country ホンジュラス
27%
Country ブルンジ
27%
Country ルワンダ
27%
Country ガイアナ
27%
Country アンゴラ
27%
Country ウガンダ
27%
Country トリニダード・トバゴ
27%
Country ハイチ
27%
Country ジブチ
27%
Country セントルシア
27%
Country バルバドス
27%
Country セントクリストファー・ネービス
27%
Country アンティグア・バーブーダ
27%
Country コンゴ共和国
27%
Country ガボン
27%
Country イエメン
27%
Country サントメ
27%
Country アラブ首長国連邦
27%
Country タジキスタン
27%
Country 赤道ギニア
27%
Country キルギスタン
27%
Country カタール
27%
Country バーレーン
27%
Country 南スーダン
27%
Country エリトリア
27%
Country 中央アフリカ
27%
Country クウェート
27%
Country リベリア
27%
Country カメルーン
27%
Country シエラレオネ
27%
Country トーゴ
27%
Country ベナン
27%
Country トルクメニスタン
27%
Country ナイジェリア
27%
Country ギニアビサウ
27%
Country ギニア
27%
Country スーダン
27%
Country ガンビア
27%
Country サウジアラビア
27%
Country イラク
27%
Country カーボベルデ
27%
Country ヨルダン
27%
Country アゼルバイジャン
27%
Country イスラエル
27%
Country セネガル
27%
Country アルメニア
27%
Country レバノン
27%
Country チャド
27%
Country キプロス
27%
Country ニジェール
27%
Country ジョージア
27%
Country マリ
27%
Country モーリタニア
27%
Country モルドバ
27%
Country ブルガリア
27%
Country コソボ
27%
Country アルバニア
27%
Country モンテネグロ
27%
Country ルーマニア
27%
Country ベラルーシ
27%
Country ボスニア・ヘルツェゴビナ
27%
Country エストニア
27%
Country サンマリノ
27%
Country クロアチア
27%
Country スロベニア
27%
Country アンドラ
27%
Country アイスランド
27%
Country インドネシア
27%
Country ウクライナ
27%
Country モロッコ
27%
Country パキスタン
27%
Country コンゴ民主共和国
27%
Country パナマ
27%
Country ペルー
27%
Country コロンビア
27%
Country ベネズエラ
27%
Country セントビンセント及び グレナディーン諸島
27%
Country Mystery Country
27%
Country バハマ
25%
Country ベトナム
25%
Country マレーシア
25%
Country ニュージーランド
25%
Country パプアニューギニア
25%
Country ペルー
25%
Country エクアドル
25%
Country パナマ
25%
Country パラグアイ
25%
Country コスタリカ
25%
Country コロンビア
25%
Country ニカラグア
25%
Country ガイアナ
25%
Country エルサルバドル
25%
Country ベネズエラ
25%
Country ウルグアイ
25%
Country スリナム
25%
Country トリニダード・トバゴ
25%
Country ホンジュラス
25%
Country グレナダ
25%
Country ジャマイカ
25%
Country セントルシア
25%
Country グアテマラ
25%
Country ベリーズ
25%
Country ドミニカ国
25%
Country ハイチ
25%
Country ドミニカ共和国
25%
Country セントクリストファー・ネービス
25%
Country アンティグア・バーブーダ
25%
Country アルゼンチン
25%
Country チリ
25%
Country カーボベルデ
25%
Country ギニアビサウ
25%
Country ガンビア
25%
Country シエラレオネ
25%
Country セネガル
25%
Country リベリア
25%
Country ギニア
25%
Country コートジボワール
25%
Country ガーナ
25%
Country モーリタニア
25%
Country トーゴ
25%
Country ブルキナファソ
25%
Country ベナン
25%
Country サントメ
25%
Country サモア
25%
Country 赤道ギニア
25%
Country トンガ
25%
Country ガボン
25%
Country アンドラ
25%
Country スペイン
25%
Country ナイジェリア
25%
Country カメルーン
25%
Country コンゴ共和国
25%
Country アルジェリア
25%
Country モナコ
25%
Country ナミビア
25%
Country アンゴラ
25%
Country ルクセンブルク
25%
Country ベルギー
25%
Country ニジェール
25%
Country チュニジア
25%
Country レソト
25%
Country フィジー
25%
Country オランダ
25%
Country リヒテンシュタイン
25%
Country スイス
25%
Country ボツワナ
25%
Country バチカン市国
25%
Country マルタ
25%
Country サンマリノ
25%
Country ツバル
25%
Country エスワティニ
25%
Country 南アフリカ
25%
Country ドイツ
25%
Country スロベニア
25%
Country デンマーク
25%
Country オーストリア
25%
Country 中央アフリカ
25%
Country ジンバブエ
25%
Country チャド
25%
Country クロアチア
25%
Country ボスニア・ヘルツェゴビナ
25%
Country チェコ
25%
Country ブルンジ
25%
Country モンテネグロ
25%
Country ルワンダ
25%
Country アルバニア
25%
Country ザンビア
25%
Country コソボ
25%
Country コンゴ民主共和国
25%
Country バヌアツ
25%
Country 北マケドニア
25%
Country セルビア
25%
Country マラウイ
25%
Country スロバキア
25%
Country ハンガリー
25%
Country リビア
25%
Country スウェーデン
25%
Country キリバス
25%
Country ポーランド
25%
Country ノルウェー
25%
Country リトアニア
25%
Country ウガンダ
25%
Country エストニア
25%
Country ナウル
25%
Country ラトビア
25%
Country ギリシャ
25%
Country フィンランド
25%
Country ブルガリア
25%
Country 南スーダン
25%
Country ルーマニア
25%
Country モルドバ
25%
Country モザンビーク
25%
Country ベラルーシ
25%
Country タンザニア
25%
Country マーシャル
25%
Country キプロス
25%
Country コモロ
25%
Country イスラエル
25%
Country ケニア
25%
Country レバノン
25%
Country スーダン
25%
Country ウクライナ
25%
Country ソロモン諸島
25%
Country ヨルダン
25%
Country エリトリア
25%
Country マダガスカル
25%
Country ジブチ
25%
Country シリア
25%
Country エチオピア
25%
Country ジョージア
25%
Country アルメニア
25%
Country クウェート
25%
Country イラク
25%
Country アゼルバイジャン
25%
Country ソマリア
25%
Country セーシェル
25%
Country モーリシャス
25%
Country バーレーン
25%
Country カタール
25%
Country イエメン
25%
Country サウジアラビア
25%
Country アラブ首長国連邦
25%
Country オマーン
25%
Country トルクメニスタン
25%
Country イラン
25%
Country ミクロネシア
25%
Country ウズベキスタン
25%
Country パラオ
25%
Country カザフスタン
25%
Country キルギスタン
25%
Country 東ティモール
25%
Country アフガニスタン
25%
Country タジキスタン
25%
Country モルディブ
25%
Country パキスタン
25%
Country スリランカ
25%
Country 台湾
25%
Country フィリピン
25%
Country ブルネイ
25%
Country ネパール
25%
Country ブータン
25%
Country バングラデシュ
25%
Country シンガポール
25%
Country ミャンマー
25%
Country 北朝鮮
25%
Country フランス
25%
Country インド
25%
Country エジプト
25%
Country メキシコ
25%
Country ブラジル
25%
Country アイスランド
25%
Country インドネシア
25%
Country モロッコ
25%
Country マリ
25%
Country オーストラリア
25%
Country モンゴル
25%
Country カナダ
25%
Country アイルランド
25%
Country イギリス
25%
Country イタリア
25%
Country 韓国
25%
Country セントビンセント及び グレナディーン諸島
25%
Country Mystery Country
25%
Country ドイツ
24%
Country ブータン
24%
Country ミャンマー
24%
Country パプアニューギニア
24%
Country ベルギー
24%
Country グアテマラ
24%
Country フランス
24%
Country ジャマイカ
24%
Country バハマ
24%
Country フランス
23%
Country イタリア
23%
Country スリランカ
23%
Country ネパール
23%
Country ブルネイ
23%
Country パラオ
23%
Country サモア
23%
Country キリバス
23%
Country ミクロネシア
23%
Country バヌアツ
23%
Country 北朝鮮
23%
Country オランダ
23%
Country モロッコ
23%
Country エジプト
23%
Country エクアドル
22%
Country ペルー
22%
Country ボリビア
22%
Country パラグアイ
22%
Country エルサルバドル
22%
Country パナマ
22%
Country ニカラグア
22%
Country ベリーズ
22%
Country ホンジュラス
22%
Country サモア
22%
Country | Country ニュージーランド
22%
Country トンガ
22%
Country コロンビア
22%
Country ジャマイカ
22%
Country キューバ
22%
Country ガイアナ
22%
Country トリニダード・トバゴ
22%
Country ドミニカ共和国
22%
Country グレナダ
22%
Country フィジー
22%
Country スリナム
22%
Country バハマ
22%
Country セントルシア
22%
Country バルバドス
22%
Country セントクリストファー・ネービス
22%
Country アンティグア・バーブーダ
22%
Country ツバル
22%
Country バヌアツ
22%
Country キリバス
22%
Country ナウル
22%
Country ソロモン諸島
22%
Country マーシャル
22%
Country カーボベルデ
22%
Country パプアニューギニア
22%
Country ギニアビサウ
22%
Country ガンビア
22%
Country シエラレオネ
22%
Country リベリア
22%
Country セネガル
22%
Country ギニア
22%
Country レソト
22%
Country 東ティモール
22%
Country ミクロネシア
22%
Country コートジボワール
22%
Country エスワティニ
22%
Country パラオ
22%
Country 南アフリカ
22%
Country ガーナ
22%
Country ボツワナ
22%
Country ナミビア
22%
Country トーゴ
22%
Country サントメ
22%
Country ブルキナファソ
22%
Country モーリタニア
22%
Country ベナン
22%
Country 赤道ギニア
22%
Country ジンバブエ
22%
Country アンゴラ
22%
Country マリ
22%
Country モロッコ
22%
Country ブルネイ
22%
Country コンゴ共和国
22%
Country ザンビア
22%
Country マラウイ
22%
Country ナイジェリア
22%
Country カメルーン
22%
Country アンドラ
22%
Country モザンビーク
22%
Country コモロ
22%
Country スペイン
22%
Country ブルンジ
22%
Country マダガスカル
22%
Country ルワンダ
22%
Country アルジェリア
22%
Country ベルギー
22%
Country ルクセンブルク
22%
Country モナコ
22%
Country オランダ
22%
Country ニジェール
22%
Country モーリシャス
22%
Country 中央アフリカ
22%
Country チュニジア
22%
Country タンザニア
22%
Country リヒテンシュタイン
22%
Country コンゴ民主共和国
22%
Country マレーシア
22%
Country バチカン市国
22%
Country サンマリノ
22%
Country マルタ
22%
Country ノルウェー
22%
Country ウガンダ
22%
Country インドネシア
22%
Country スウェーデン
22%
Country スロベニア
22%
Country チャド
22%
Country オーストリア
22%
Country セーシェル
22%
Country イタリア
22%
Country チェコ
22%
Country クロアチア
22%
Country ボスニア・ヘルツェゴビナ
22%
Country モンテネグロ
22%
Country アルバニア
22%
Country ケニア
22%
Country エストニア
22%
Country スロバキア
22%
Country コソボ
22%
Country 南スーダン
22%
Country ハンガリー
22%
Country リトアニア
22%
Country ラトビア
22%
Country セルビア
22%
Country 北マケドニア
22%
Country リビア
22%
Country ギリシャ
22%
Country ブルガリア
22%
Country ルーマニア
22%
Country モルドバ
22%
Country エチオピア
22%
Country スリランカ
22%
Country ジブチ
22%
Country モルディブ
22%
Country エリトリア
22%
Country スーダン
22%
Country エジプト
22%
Country キプロス
22%
Country イスラエル
22%
Country ミャンマー
22%
Country ソマリア
22%
Country レバノン
22%
Country ヨルダン
22%
Country バングラデシュ
22%
Country シリア
22%
Country イエメン
22%
Country ジョージア
22%
Country アルメニア
22%
Country クウェート
22%
Country イラク
22%
Country バーレーン
22%
Country アゼルバイジャン
22%
Country カタール
22%
Country サウジアラビア
22%
Country アラブ首長国連邦
22%
Country オマーン
22%
Country イラン
22%
Country パキスタン
22%
Country 韓国
22%
Country ブラジル
22%
Country タイ
22%
Country スイス
22%
Country ポーランド
22%
Country オーストラリア
22%
Country アルゼンチン
22%
Country グアテマラ
22%
Country ハイチ
22%
Country ベネズエラ
22%
Country ドミニカ国
22%
Country 北朝鮮
22%
Country タジキスタン
22%
Country トルクメニスタン
22%
Country ポルトガル
22%
Country フィンランド
22%
Country デンマーク
22%
Country トルコ
22%
Country カナダ
22%
Country ウズベキスタン
22%
Country モンゴル
22%
Country 中国
22%
Country カンボジア
22%
Country ラオス
22%
Country ブータン
22%
Country ネパール
22%
Country キルギスタン
22%
Country インド
22%
Country カザフスタン
22%
Country ガボン
22%
Country ベトナム
22%
Country アフガニスタン
22%
Country アイスランド
22%
Country チリ
22%
Country コスタリカ
22%
Country セントビンセント及び グレナディーン諸島
22%
Country Mystery Country
22%
Country エジプト
21%
Country ドイツ
21%
Country アイスランド
21%
Country イラン
21%
Country ドミニカ共和国
21%
Country タイ
21%
Country ナウル
21%
Country キリバス
21%
Country モンゴル
21%
Country イエメン
21%
Country ポルトガル
21%
Country アイルランド
21%
Country ヨルダン
21%
Country イスラエル
21%
Country ルクセンブルク
21%
Country アルメニア
21%
Country ジョージア
21%
Country スロベニア
21%
Country モンテネグロ
21%
Country セルビア
21%
Country ブルガリア
21%
Country | Country サモア
20%
Country ボリビア
20%
Country バヌアツ
20%
Country キリバス
20%
Country パラオ
20%
Country カナダ
20%
Country ガンビア
20%
Country ガーナ
20%
Country トーゴ
20%
Country ナミビア
20%
Country モロッコ
20%
Country ノルウェー
20%
Country オランダ
20%
Country ラオス
20%
Country スウェーデン
20%
Country スイス
20%
Country フランス
20%
Country ナイジェリア
20%
Country アルジェリア
20%
Country チュニジア
20%
Country ニジェール
20%
Country ミャンマー
20%
Country ルワンダ
20%
Country バングラデシュ
20%
Country ウガンダ
20%
Country タジキスタン
20%
Country エチオピア
20%
Country スーダン
20%
Country ヨルダン
20%
Country カタール
20%
Country メキシコ
20%
Country 台湾
20%
Country モンゴル
20%
Country アイスランド
20%
Country アイルランド
20%
Country カザフスタン
20%
Country フィンランド
20%
Country エストニア
20%
Country キプロス
20%
Country モルドバ
20%
Country スロバキア
20%
Country ハンガリー
20%
Country ルーマニア
20%
Country 北朝鮮
20%
Country インド
20%
Country マリ
20%
Country マルタ
20%
Country ルクセンブルク
20%
Country モナコ
20%
Country リヒテンシュタイン
20%
Country ボスニア・ヘルツェゴビナ
20%
Country トルコ
20%
Country ギリシャ
20%
Country セルビア
20%
Country スロベニア
20%
Country クロアチア
20%
Country アンドラ
20%
Country コスタリカ
20%
Country ブラジル
20%
Country ドイツ
20%
Country 中国
20%
Country ウズベキスタン
20%
Country ジョージア
20%
Country アフガニスタン
20%
Country リビア
20%
Country バーレーン
20%
Country アラブ首長国連邦
20%
Country マダガスカル
20%
Country ソマリア
20%
Country 南スーダン
20%
Country 中央アフリカ
20%
Country カメルーン
20%
Country | Country ニュージーランド
20%
Country エクアドル
20%
Country ベネズエラ
20%
Country インドネシア
20%
Country ガイアナ
20%
Country スリナム
20%
Country ウクライナ
20%
Country オーストリア
20%
Country パキスタン
20%
Country ブルガリア
20%
Country バチカン市国
20%
Country イラク
20%
Country スペイン
20%
Country イエメン
20%
Country ブルキナファソ
20%
Country コートジボワール
20%
Country サントメ
20%
Country タンザニア
20%
Country モザンビーク
20%
Country ガボン
20%
Country ボツワナ
20%
Country 東ティモール
20%
Country オーストラリア
20%
Country イラン
20%
Country クウェート
20%
Country エスワティニ
20%
Country | Country ベリーズ
20%
Country グアテマラ
20%
Country エルサルバドル
20%
Country ホンジュラス
20%
Country ニカラグア
20%
Country ジャマイカ
20%
Country キューバ
20%
Country ツバル
20%
Country パナマ
20%
Country バハマ
20%
Country ハイチ
20%
Country トンガ
20%
Country マーシャル
20%
Country ドミニカ共和国
20%
Country ナウル
20%
Country フィジー
20%
Country セントクリストファー・ネービス
20%
Country アンティグア・バーブーダ
20%
Country コロンビア
20%
Country ドミニカ国
20%
Country グレナダ
20%
Country セントルシア
20%
Country トリニダード・トバゴ
20%
Country バルバドス
20%
Country ペルー
20%
Country ソロモン諸島
20%
Country ミクロネシア
20%
Country パプアニューギニア
20%
Country パラグアイ
20%
Country ウルグアイ
20%
Country チリ
20%
Country アルゼンチン
20%
Country カーボベルデ
20%
Country デンマーク
20%
Country ベルギー
20%
Country ポルトガル
20%
Country ラトビア
20%
Country フィリピン
20%
Country リトアニア
20%
Country チェコ
20%
Country ブルネイ
20%
Country ポーランド
20%
Country ベラルーシ
20%
Country サンマリノ
20%
Country ギニアビサウ
20%
Country モンテネグロ
20%
Country コソボ
20%
Country シエラレオネ
20%
Country モーリタニア
20%
Country 北マケドニア
20%
Country ベトナム
20%
Country イタリア
20%
Country アルバニア
20%
Country カンボジア
20%
Country ギニア
20%
Country リベリア
20%
Country シンガポール
20%
Country キルギスタン
20%
Country ブータン
20%
Country マレーシア
20%
Country アルメニア
20%
Country ネパール
20%
Country アゼルバイジャン
20%
Country トルクメニスタン
20%
Country ベナン
20%
Country レバノン
20%
Country シリア
20%
Country イスラエル
20%
Country 赤道ギニア
20%
Country コンゴ共和国
20%
Country アンゴラ
20%
Country ブルンジ
20%
Country コンゴ民主共和国
20%
Country レソト
20%
Country ジンバブエ
20%
Country マラウイ
20%
Country モーリシャス
20%
Country コモロ
20%
Country セーシェル
20%
Country 韓国
20%
Country タイ
20%
Country スリランカ
20%
Country モルディブ
20%
Country ザンビア
20%
Country ケニア
20%
Country セネガル
20%
Country ジブチ
20%
Country オマーン
20%
Country チャド
20%
Country サウジアラビア
20%
Country セントビンセント及び グレナディーン諸島
20%
Country Mystery Country
20%
Country スペイン
19%
Country デンマーク
19%
Country イギリス
19%
Country フランス
19%
Country ブラジル
19%
Country パナマ
19%
Country 東ティモール
19%
Country パラオ
19%
Country ナウル
19%
Country ブラジル
18%
Country キューバ
18%
Country モロッコ
18%
Country ポルトガル
18%
Country スペイン
18%
Country フランス
18%
Country イタリア
18%
Country ヨルダン
18%
Country ウクライナ
18%
Country ウズベキスタン
18%
Country サモア
18%
Country スリランカ
18%
Country ツバル
18%
Country キリバス
18%
Country ミクロネシア
18%
Country スリナム
18%
Country バルバドス
18%
Country トリニダード・トバゴ
18%
Country ガイアナ
18%
Country グレナダ
18%
Country セントルシア
18%
Country ドミニカ国
18%
Country アンティグア・バーブーダ
18%
Country セントクリストファー・ネービス
18%
Country ベネズエラ
18%
Country ドミニカ共和国
18%
Country ハイチ
18%
Country ジャマイカ
18%
Country コロンビア
18%
Country パナマ
18%
Country バハマ
18%
Country ペルー
18%
Country カーボベルデ
18%
Country コスタリカ
18%
Country ニカラグア
18%
Country ボリビア
18%
Country ホンジュラス
18%
Country ベリーズ
18%
Country エルサルバドル
18%
Country パラグアイ
18%
Country グアテマラ
18%
Country エクアドル
18%
Country ガンビア
18%
Country ギニアビサウ
18%
Country セネガル
18%
Country ウルグアイ
18%
Country シエラレオネ
18%
Country ギニア
18%
Country リベリア
18%
Country モーリタニア
18%
Country コートジボワール
18%
Country ガーナ
18%
Country トーゴ
18%
Country ブルキナファソ
18%
Country ベナン
18%
Country マリ
18%
Country アイルランド
18%
Country アンドラ
18%
Country サントメ
18%
Country アイスランド
18%
Country モナコ
18%
Country ルクセンブルク
18%
Country アルゼンチン
18%
Country チュニジア
18%
Country チリ
18%
Country リヒテンシュタイン
18%
Country 赤道ギニア
18%
Country バチカン市国
18%
Country サンマリノ
18%
Country マルタ
18%
Country ナイジェリア
18%
Country ニジェール
18%
Country ガボン
18%
Country スロベニア
18%
Country デンマーク
18%
Country カメルーン
18%
Country チェコ
18%
Country クロアチア
18%
Country ボスニア・ヘルツェゴビナ
18%
Country モンテネグロ
18%
Country アルバニア
18%
Country コンゴ共和国
18%
Country コソボ
18%
Country スロバキア
18%
Country セルビア
18%
Country 北マケドニア
18%
Country ハンガリー
18%
Country ポーランド
18%
Country チャド
18%
Country スウェーデン
18%
Country リトアニア
18%
Country リビア
18%
Country ラトビア
18%
Country エストニア
18%
Country ブルガリア
18%
Country ギリシャ
18%
Country ルーマニア
18%
Country モルドバ
18%
Country ノルウェー
18%
Country フィンランド
18%
Country ベラルーシ
18%
Country 中央アフリカ
18%
Country アンゴラ
18%
Country ナミビア
18%
Country キプロス
18%
Country イスラエル
18%
Country レバノン
18%
Country ルワンダ
18%
Country ブルンジ
18%
Country コンゴ民主共和国
18%
Country ボツワナ
18%
Country レソト
18%
Country ウガンダ
18%
Country 南スーダン
18%
Country スーダン
18%
Country ザンビア
18%
Country ジンバブエ
18%
Country エスワティニ
18%
Country ジョージア
18%
Country アルメニア
18%
Country マラウイ
18%
Country アゼルバイジャン
18%
Country エリトリア
18%
Country ジブチ
18%
Country イラク
18%
Country クウェート
18%
Country モザンビーク
18%
Country 南アフリカ
18%
Country バーレーン
18%
Country カタール
18%
Country コモロ
18%
Country アラブ首長国連邦
18%
Country サウジアラビア
18%
Country イエメン
18%
Country マダガスカル
18%
Country トルクメニスタン
18%
Country セーシェル
18%
Country タジキスタン
18%
Country キルギスタン
18%
Country モーリシャス
18%
Country モルディブ
18%
Country ブータン
18%
Country フィジー
18%
Country ナウル
18%
Country メキシコ
18%
Country 韓国
18%
Country シリア
18%
Country パプアニューギニア
18%
Country 北朝鮮
18%
Country 東ティモール
18%
Country フィリピン
18%
Country イギリス
18%
Country ドイツ
18%
Country オーストリア
18%
Country アルジェリア
18%
Country タンザニア
18%
Country オランダ
18%
Country スイス
18%
Country セントビンセント及び グレナディーン諸島
18%
Country Mystery Country
18%
Country チリ
17%
Country ウルグアイ
17%
Country アルゼンチン
17%
Country エクアドル
17%
Country パラグアイ
17%
Country コスタリカ
17%
Country ペルー
17%
Country グアテマラ
17%
Country パナマ
17%
Country オーストラリア
17%
Country コロンビア
17%
Country ジャマイカ
17%
Country キューバ
17%
Country ハイチ
17%
Country ベネズエラ
17%
Country ドミニカ共和国
17%
Country ガイアナ
17%
Country ドミニカ国
17%
Country フィリピン
17%
Country 台湾
17%
Country 韓国
17%
Country カンボジア
17%
Country インドネシア
17%
Country タイ
17%
Country カナダ
17%
Country ザンビア
17%
Country ミャンマー
17%
Country イギリス
17%
Country ノルウェー
17%
Country フィンランド
17%
Country タジキスタン
17%
Country エストニア
17%
Country アラブ首長国連邦
17%
Country ラトビア
17%
Country フランス
17%
Country リトアニア
17%
Country ウズベキスタン
17%
Country クウェート
17%
Country トルクメニスタン
17%
Country ハンガリー
17%
Country イタリア
17%
Country アルバニア
17%
Country モルドバ
17%
Country ルーマニア
17%
Country アルメニア
17%
Country アゼルバイジャン
17%
Country ブルガリア
17%
Country ジョージア
17%
Country ギリシャ
17%
Country イラン
17%
Country イラク
17%
Country バヌアツ
17%
Country ミクロネシア
17%
Country 北朝鮮
17%
Country ブラジル
17%
Country インド
17%
Country パキスタン
17%
Country カザフスタン
17%
Country エジプト
17%
Country アイスランド
17%
Country コソボ
17%
Country ポルトガル
17%
Country セルビア
17%
Country バチカン市国
17%
Country サンマリノ
17%
Country スロバキア
17%
Country ポーランド
17%
Country チェコ
17%
Country リヒテンシュタイン
17%
Country オーストリア
17%
Country スイス
17%
Country オランダ
17%
Country ベトナム
17%
Country ベリーズ
17%
Country エルサルバドル
17%
Country ボリビア
17%
Country ウクライナ
15%
Country スウェーデン
15%
Country トルコ
15%
Country フィンランド
15%
Country ノルウェー
15%
Country 南アフリカ
15%
Country サウジアラビア
15%
Country セーシェル
15%
Country トルクメニスタン
15%
Country ウズベキスタン
15%
Country アフガニスタン
15%
Country タジキスタン
15%
Country キルギスタン
15%
Country モルディブ
15%
Country チリ
15%
Country 東ティモール
15%
Country トンガ
15%
Country ツバル
15%
Country ナウル
15%
Country フィジー
15%
Country パナマ
15%
Country 韓国
15%
Country ブラジル
15%
Country カナダ
15%
Country イラン
15%
Country エストニア
15%
Country ベラルーシ
15%
Country ポルトガル
15%
Country ベルギー
15%
Country ルクセンブルク
15%
Country キプロス
15%
Country アンドラ
15%
Country セルビア
15%
Country コソボ
15%
Country モンテネグロ
15%
Country 北マケドニア
15%
Country アルジェリア
15%
Country リビア
15%
Country チュニジア
15%
Country | Country ニジェール
14%
Country ナイジェリア
14%
Country モロッコ
14%
Country モナコ
14%
Country 中央アフリカ
14%
Country ポルトガル
14%
Country ボスニア・ヘルツェゴビナ
14%
Country リヒテンシュタイン
14%
Country スイス
14%
Country スーダン
14%
Country オーストリア
14%
Country 南スーダン
14%
Country ルワンダ
14%
Country ブルンジ
14%
Country ウガンダ
14%
Country オランダ
14%
Country アイルランド
14%
Country ポーランド
14%
Country デンマーク
14%
Country ウクライナ
14%
Country ベラルーシ
14%
Country ソマリア
14%
Country サウジアラビア
14%
Country マラウイ
14%
Country モザンビーク
14%
Country ノルウェー
14%
Country セーシェル
14%
Country ウズベキスタン
14%
Country アフガニスタン
14%
Country 南アフリカ
14%
Country バハマ
14%
Country ジャマイカ
14%
Country ウルグアイ
14%
Country パナマ
14%
Country ニカラグア
14%
Country ホンジュラス
14%
Country ミャンマー
14%
Country エルサルバドル
14%
Country グアテマラ
14%
Country ラオス
14%
Country カンボジア
14%
Country アルゼンチン
14%
Country チリ
14%
Country 東ティモール
14%
Country マーシャル
14%
Country バヌアツ
14%
Country フィジー
14%
Country オーストラリア
14%
Country エクアドル
14%
Country ペルー
14%
Country ミクロネシア
14%
Country コスタリカ
14%
Country ベリーズ
14%
Country コロンビア
14%
Country キューバ
14%
Country ガイアナ
14%
Country ベネズエラ
14%
Country ハイチ
14%
Country スリナム
14%
Country ドミニカ共和国
14%
Country ドミニカ国
14%
Country インドネシア
14%
Country 韓国
14%
Country 北朝鮮
14%
Country ベトナム
14%
Country シエラレオネ
14%
Country インド
14%
Country パキスタン
14%
Country オマーン
14%
Country エリトリア
14%
Country アラブ首長国連邦
14%
Country アイスランド
14%
Country クウェート
14%
Country エジプト
14%
Country アゼルバイジャン
14%
Country バチカン市国
14%
Country コソボ
14%
Country サモア
14%
Country ニュージーランド
14%
Country モンゴル
14%
Country 中国
14%
Country マダガスカル
14%
Country ラトビア
14%
Country ボリビア
14%
Country ギリシャ
14%
Country タンザニア
14%
Country ボツワナ
14%
Country コンゴ民主共和国
14%
Country チャド
14%
Country カメルーン
14%
Country ベナン
14%
Country トーゴ
14%
Country イタリア
13%
Country ドイツ
13%
Country アイスランド
13%
Country ミャンマー
13%
Country グアテマラ
13%
Country カンボジア
13%
Country ミクロネシア
13%
Country ツバル
13%
Country | Country | Country サモア
13%
Country | Country トンガ
13%
Country ニュージーランド
13%
Country フィジー
13%
Country バヌアツ
13%
Country キリバス
13%
Country ナウル
13%
Country チリ
13%
Country エルサルバドル
13%
Country エクアドル
13%
Country コスタリカ
13%
Country ウルグアイ
13%
Country ソロモン諸島
13%
Country ベリーズ
13%
Country ペルー
13%
Country ニカラグア
13%
Country パナマ
13%
Country アルゼンチン
13%
Country マーシャル
13%
Country ホンジュラス
13%
Country パラグアイ
13%
Country ボリビア
13%
Country ジャマイカ
13%
Country コロンビア
13%
Country キューバ
13%
Country ハイチ
13%
Country パプアニューギニア
13%
Country ドミニカ共和国
13%
Country ベネズエラ
13%
Country ガイアナ
13%
Country グレナダ
13%
Country トリニダード・トバゴ
13%
Country セントルシア
13%
Country セントクリストファー・ネービス
13%
Country ドミニカ国
13%
Country バルバドス
13%
Country スリナム
13%
Country アンティグア・バーブーダ
13%
Country 東ティモール
13%
Country パラオ
13%
Country オーストラリア
13%
Country ブラジル
13%
Country ブルネイ
13%
Country フィリピン
13%
Country レソト
13%
Country シンガポール
13%
Country カーボベルデ
13%
Country エスワティニ
13%
Country マレーシア
13%
Country 南アフリカ
13%
Country ギニアビサウ
13%
Country ガンビア
13%
Country シエラレオネ
13%
Country ボツワナ
13%
Country ナミビア
13%
Country リベリア
13%
Country インドネシア
13%
Country セネガル
13%
Country ベトナム
13%
Country ギニア
13%
Country ラオス
13%
Country ジンバブエ
13%
Country タイ
13%
Country コートジボワール
13%
Country アンゴラ
13%
Country サントメ
13%
Country ガーナ
13%
Country マダガスカル
13%
Country トーゴ
13%
Country モーリシャス
13%
Country コモロ
13%
Country マラウイ
13%
Country モザンビーク
13%
Country 赤道ギニア
13%
Country ザンビア
13%
Country ブルキナファソ
13%
Country モーリタニア
13%
Country ガボン
13%
Country ベナン
13%
Country アイルランド
13%
Country ポルトガル
13%
Country ブータン
13%
Country バングラデシュ
13%
Country コンゴ共和国
13%
Country ブルンジ
13%
Country セーシェル
13%
Country マリ
13%
Country モロッコ
13%
Country ルワンダ
13%
Country モルディブ
13%
Country アンドラ
13%
Country ナイジェリア
13%
Country カメルーン
13%
Country ノルウェー
13%
Country ベルギー
13%
Country コンゴ民主共和国
13%
Country ルクセンブルク
13%
Country ネパール
13%
Country ウガンダ
13%
Country モナコ
13%
Country 中央アフリカ
13%
Country デンマーク
13%
Country スウェーデン
13%
Country アルジェリア
13%
Country ニジェール
13%
Country サンマリノ
13%
Country チュニジア
13%
Country バチカン市国
13%
Country オーストリア
13%
Country スロベニア
13%
Country チェコ
13%
Country 南スーダン
13%
Country マルタ
13%
Country チャド
13%
Country スロバキア
13%
Country クロアチア
13%
Country ボスニア・ヘルツェゴビナ
13%
Country ソマリア
13%
Country モンテネグロ
13%
Country ジブチ
13%
Country コソボ
13%
Country アルバニア
13%
Country セルビア
13%
Country エチオピア
13%
Country 北マケドニア
13%
Country エリトリア
13%
Country ルーマニア
13%
Country ブルガリア
13%
Country リビア
13%
Country パキスタン
13%
Country アフガニスタン
13%
Country スーダン
13%
Country アラブ首長国連邦
13%
Country カタール
13%
Country キプロス
13%
Country バーレーン
13%
Country イスラエル
13%
Country ヨルダン
13%
Country クウェート
13%
Country シリア
13%
Country バハマ
13%
Country 北朝鮮
13%
Country 台湾
13%
Country オランダ
13%
Country スペイン
13%
Country リヒテンシュタイン
13%
Country スイス
13%
Country エストニア
13%
Country ラトビア
13%
Country リトアニア
13%
Country ポーランド
13%
Country タンザニア
13%
Country ハンガリー
13%
Country モルドバ
13%
Country キルギスタン
13%
Country インド
13%
Country ウズベキスタン
13%
Country トルクメニスタン
13%
Country アゼルバイジャン
13%
Country イラン
13%
Country アルメニア
13%
Country ジョージア
13%
Country カザフスタン
13%
Country エジプト
13%
Country ウクライナ
13%
Country 韓国
13%
Country メキシコ
13%
Country スリランカ
13%
Country 中国
13%
Country タジキスタン
13%
Country オマーン
13%
Country イエメン
13%
Country ケニア
13%
Country レバノン
13%
Country サウジアラビア
13%
Country ベラルーシ
13%
Country トルコ
13%
Country カナダ
13%
Country モンゴル
13%
Country フィンランド
13%
Country イラク
13%
Country ギリシャ
13%
Country イギリス
13%
Country セントビンセント及び グレナディーン諸島
13%
Country Mystery Country
13%
Country グレナダ
12%
Country セントルシア
12%
Country セントクリストファー・ネービス
12%
Country パナマ
12%
Country ジャマイカ
12%
Country ニカラグア
12%
Country チリ
12%
Country コンゴ共和国
12%
Country モナコ
12%
Country アイルランド
12%
Country サンマリノ
12%
Country ベルギー
12%
Country スイス
12%
Country オランダ
12%
Country アイスランド
12%
Country オーストリア
12%
Country デンマーク
12%
Country キプロス
12%
Country イスラエル
12%
Country ベラルーシ
12%
Country スウェーデン
12%
Country フィンランド
12%
Country シリア
12%
Country トルコ
12%
Country イエメン
12%
Country サウジアラビア
12%
Country イラン
12%
Country アフガニスタン
12%
Country タジキスタン
12%
Country トンガ
12%
Country フィジー
12%
Country バングラデシュ
12%
Country マーシャル
12%
Country 東ティモール
12%
Country オーストラリア
12%
Country ウクライナ
12%
Country リヒテンシュタイン
12%
Country イタリア
12%
Country ルクセンブルク
12%
Country ノルウェー
12%
Country ポルトガル
12%
Country ボリビア
12%
Country ベリーズ
12%
Country ガイアナ
12%
Country ペルー
11%
Country メキシコ
11%
Country アルゼンチン
11%
Country ボリビア
11%
Country 台湾
11%
Country 北朝鮮
11%
Country カンボジア
11%
Country ミャンマー
11%
Country スリランカ
11%
Country ブータン
11%
Country ネパール
11%
Country アイルランド
11%
Country イギリス
11%
Country ノルウェー
11%
Country オランダ
11%
Country ベルギー
11%
Country スペイン
11%
Country ラトビア
11%
Country リトアニア
11%
Country パキスタン
11%
Country アルジェリア
11%
Country サンマリノ
11%
Country チェコ
11%
Country バチカン市国
11%
Country スロバキア
11%
Country ボスニア・ヘルツェゴビナ
11%
Country アラブ首長国連邦
11%
Country モンテネグロ
11%
Country カタール
11%
Country コソボ
11%
Country セルビア
11%
Country ブルガリア
11%
Country ジョージア
11%
Country サウジアラビア
11%
Country ヨルダン
11%
Country レバノン
11%
Country シリア
11%
Country | Country ニュージーランド
11%
Country トンガ
11%
Country サモア
11%
Country フィジー
11%
Country バヌアツ
11%
Country | Country ツバル
11%
Country ナウル
11%
Country ソロモン諸島
11%
Country マーシャル
11%
Country パプアニューギニア
11%
Country 東ティモール
11%
Country ウルグアイ
11%
Country ミクロネシア
11%
Country パラオ
11%
Country パラグアイ
11%
Country エルサルバドル
11%
Country コスタリカ
11%
Country ベリーズ
11%
Country ブルネイ
11%
Country ホンジュラス
11%
Country | Country シンガポール
11%
Country フィリピン
11%
Country マレーシア
11%
Country ガイアナ
11%
Country トリニダード・トバゴ
11%
Country グレナダ
11%
Country スリナム
11%
Country インドネシア
11%
Country セントルシア
11%
Country バルバドス
11%
Country セントクリストファー・ネービス
11%
Country レソト
11%
Country アンティグア・バーブーダ
11%
Country エスワティニ
11%
Country ベトナム
11%
Country ラオス
11%
Country タイ
11%
Country 南アフリカ
11%
Country モーリシャス
11%
Country ボツワナ
11%
Country ナミビア
11%
Country マダガスカル
11%
Country ジンバブエ
11%
Country コモロ
11%
Country モルディブ
11%
Country セーシェル
11%
Country モザンビーク
11%
Country バングラデシュ
11%
Country マラウイ
11%
Country ザンビア
11%
Country アンゴラ
11%
Country ブルンジ
11%
Country カーボベルデ
11%
Country ルワンダ
11%
Country タンザニア
11%
Country リベリア
11%
Country シエラレオネ
11%
Country サントメ
11%
Country ギニアビサウ
11%
Country ガンビア
11%
Country ガボン
11%
Country 赤道ギニア
11%
Country インド
11%
Country ギニア
11%
Country ウガンダ
11%
Country ケニア
11%
Country セネガル
11%
Country コートジボワール
11%
Country ソマリア
11%
Country コンゴ共和国
11%
Country コンゴ民主共和国
11%
Country ガーナ
11%
Country トーゴ
11%
Country ジブチ
11%
Country キルギスタン
11%
Country ベナン
11%
Country ブルキナファソ
11%
Country オマーン
11%
Country 南スーダン
11%
Country 中央アフリカ
11%
Country イエメン
11%
Country エチオピア
11%
Country アフガニスタン
11%
Country カメルーン
11%
Country ナイジェリア
11%
Country バーレーン
11%
Country エリトリア
11%
Country モーリタニア
11%
Country ウズベキスタン
11%
Country スーダン
11%
Country ニジェール
11%
Country チャド
11%
Country イラン
11%
Country イラク
11%
Country アルメニア
11%
Country イスラエル
11%
Country アンドラ
11%
Country キプロス
11%
Country ルクセンブルク
11%
Country チュニジア
11%
Country マルタ
11%
Country リヒテンシュタイン
11%
Country スロベニア
11%
Country アルバニア
11%
Country クロアチア
11%
Country チリ
11%
Country エクアドル
11%
Country パナマ
11%
Country グアテマラ
11%
Country ニカラグア
11%
Country ジャマイカ
11%
Country ハイチ
11%
Country ドミニカ共和国
11%
Country バハマ
11%
Country マリ
11%
Country タジキスタン
11%
Country モロッコ
11%
Country クウェート
11%
Country アイスランド
11%
Country リビア
11%
Country トルクメニスタン
11%
Country アゼルバイジャン
11%
Country モナコ
11%
Country ギリシャ
11%
Country トルコ
11%
Country ルーマニア
11%
Country ハンガリー
11%
Country キリバス
11%
Country オーストラリア
11%
Country カザフスタン
11%
Country フィンランド
11%
Country デンマーク
11%
Country ベネズエラ
11%
Country オーストリア
11%
Country キューバ
11%
Country コロンビア
11%
Country ドミニカ国
11%
Country エストニア
11%
Country スウェーデン
11%
Country ベラルーシ
11%
Country モルドバ
11%
Country ポーランド
11%
Country 北マケドニア
11%
Country エジプト
11%
Country スイス
11%
Country ポルトガル
11%
Country セントビンセント及び グレナディーン諸島
11%
Country Mystery Country
11%
Country トンガ
10%
Country エルサルバドル
10%
Country チリ
10%
Country コスタリカ
10%
Country エクアドル
10%
Country グアテマラ
10%
Country フィジー
10%
Country ベリーズ
10%
Country ニカラグア
10%
Country | Country ニュージーランド
10%
Country パナマ
10%
Country ペルー
10%
Country ホンジュラス
10%
Country ツバル
10%
Country メキシコ
10%
Country ウルグアイ
10%
Country ジャマイカ
10%
Country アルゼンチン
10%
Country コロンビア
10%
Country パラグアイ
10%
Country キューバ
10%
Country ハイチ
10%
Country ナウル
10%
Country バハマ
10%
Country ドミニカ共和国
10%
Country ベネズエラ
10%
Country グレナダ
10%
Country トリニダード・トバゴ
10%
Country ガイアナ
10%
Country セントルシア
10%
Country セントクリストファー・ネービス
10%
Country ドミニカ国
10%
Country バルバドス
10%
Country アンティグア・バーブーダ
10%
Country スリナム
10%
Country マーシャル
10%
Country ソロモン諸島
10%
Country パプアニューギニア
10%
Country ブラジル
10%
Country ミクロネシア
10%
Country 東ティモール
10%
Country カーボベルデ
10%
Country ギニアビサウ
10%
Country シエラレオネ
10%
Country セネガル
10%
Country リベリア
10%
Country フィリピン
10%
Country ブルネイ
10%
Country ギニア
10%
Country アイスランド
10%
Country レソト
10%
Country コートジボワール
10%
Country エスワティニ
10%
Country シンガポール
10%
Country アイルランド
10%
Country モーリタニア
10%
Country ポルトガル
10%
Country 南アフリカ
10%
Country ボツワナ
10%
Country サントメ
10%
Country ブルキナファソ
10%
Country ベナン
10%
Country マレーシア
10%
Country 赤道ギニア
10%
Country カンボジア
10%
Country アンドラ
10%
Country マリ
10%
Country ジンバブエ
10%
Country ベルギー
10%
Country ルクセンブルク
10%
Country ガボン
10%
Country アンゴラ
10%
Country スペイン
10%
Country ベトナム
10%
Country モナコ
10%
Country デンマーク
10%
Country リヒテンシュタイン
10%
Country タイ
10%
Country コンゴ共和国
10%
Country ザンビア
10%
Country エストニア
10%
Country サンマリノ
10%
Country マラウイ
10%
Country バチカン市国
10%
Country カメルーン
10%
Country ラトビア
10%
Country オーストリア
10%
Country チェコ
10%
Country スロベニア
10%
Country コモロ
10%
Country モザンビーク
10%
Country リトアニア
10%
Country マダガスカル
10%
Country マルタ
10%
Country スロバキア
10%
Country ポーランド
10%
Country ブルンジ
10%
Country モーリシャス
10%
Country クロアチア
10%
Country ハンガリー
10%
Country ボスニア・ヘルツェゴビナ
10%
Country モンテネグロ
10%
Country ベラルーシ
10%
Country コソボ
10%
Country アルバニア
10%
Country セルビア
10%
Country タンザニア
10%
Country 北マケドニア
10%
Country ブータン
10%
Country コンゴ民主共和国
10%
Country モルドバ
10%
Country ルーマニア
10%
Country セーシェル
10%
Country ブルガリア
10%
Country チャド
10%
Country リビア
10%
Country ギリシャ
10%
Country モルディブ
10%
Country ケニア
10%
Country 南スーダン
10%
Country キプロス
10%
Country ジブチ
10%
Country エリトリア
10%
Country ソマリア
10%
Country オーストラリア
10%
Country 台湾
10%
Country インドネシア
10%
Country ラオス
10%
Country ミャンマー
10%
Country ナミビア
10%
Country バングラデシュ
10%
Country ネパール
10%
Country モンゴル
10%
Country カナダ
10%
Country パキスタン
10%
Country ナイジェリア
10%
Country アゼルバイジャン
10%
Country イラク
10%
Country カザフスタン
10%
Country アルメニア
10%
Country イスラエル
10%
Country ジョージア
10%
Country モロッコ
10%
Country ノルウェー
10%
Country チュニジア
10%
Country 韓国
10%
Country 北朝鮮
10%
Country アルジェリア
10%
Country トルクメニスタン
10%
Country ニジェール
10%
Country サモア
10%
Country キリバス
10%
Country バヌアツ
10%
Country パラオ
10%
Country キルギスタン
10%
Country タジキスタン
10%
Country スウェーデン
10%
Country スリランカ
10%
Country ウズベキスタン
10%
Country イギリス
10%
Country オランダ
10%
Country アフガニスタン
10%
Country フランス
10%
Country クウェート
10%
Country レバノン
10%
Country シリア
10%
Country ヨルダン
10%
Country セントビンセント及び グレナディーン諸島
10%
Country Mystery Country
10%
Country ホンジュラス
9%
Country パナマ
9%
Country エクアドル
9%
Country ペルー
9%
Country コロンビア
9%
Country パプアニューギニア
9%
Country チリ
9%
Country アルゼンチン
9%
Country ウルグアイ
9%
Country 東ティモール
9%
Country 北朝鮮
9%
Country 台湾
9%
Country アイスランド
9%
Country ブラジル
9%
Country ベトナム
9%
Country ノルウェー
9%
Country タイ
9%
Country フィンランド
9%
Country スウェーデン
9%
Country エストニア
9%
Country ミャンマー
9%
Country ラトビア
9%
Country ルクセンブルク
9%
Country ブータン
9%
Country リトアニア
9%
Country ドイツ
9%
Country ベラルーシ
9%
Country モナコ
9%
Country シエラレオネ
9%
Country モロッコ
9%
Country モルドバ
9%
Country タジキスタン
9%
Country ブルガリア
9%
Country イタリア
9%
Country トルクメニスタン
9%
Country アフガニスタン
9%
Country ギリシャ
9%
Country トルコ
9%
Country モルディブ
9%
Country レバノン
9%
Country レソト
9%
Country ヨルダン
9%
Country バーレーン
9%
Country ニジェール
9%
Country ボツワナ
9%
Country コンゴ共和国
9%
Country マダガスカル
9%
Country イエメン
9%
Country 中央アフリカ
9%
Country サモア
9%
Country ツバル
9%
Country キリバス
9%
Country マーシャル
9%
Country トンガ
9%
Country ナウル
9%
Country フィジー
9%
Country グアテマラ
9%
Country ベリーズ
9%
Country エルサルバドル
9%
Country バヌアツ
9%
Country メキシコ
9%
Country ニカラグア
9%
Country コスタリカ
9%
Country ソロモン諸島
9%
Country ジャマイカ
9%
Country キューバ
9%
Country バハマ
9%
Country ハイチ
9%
Country ミクロネシア
9%
Country ドミニカ共和国
9%
Country ニュージーランド
9%
Country セントクリストファー・ネービス
9%
Country アンティグア・バーブーダ
9%
Country ドミニカ国
9%
Country グレナダ
9%
Country セントルシア
9%
Country パラオ
9%
Country トリニダード・トバゴ
9%
Country バルバドス
9%
Country ベネズエラ
9%
Country カナダ
9%
Country ガイアナ
9%
Country スリナム
9%
Country パラグアイ
9%
Country ブルネイ
9%
Country カンボジア
9%
Country ラオス
9%
Country アイルランド
9%
Country シンガポール
9%
Country マレーシア
9%
Country デンマーク
9%
Country オランダ
9%
Country ベルギー
9%
Country バングラデシュ
9%
Country カーボベルデ
9%
Country リヒテンシュタイン
9%
Country ポルトガル
9%
Country チェコ
9%
Country スイス
9%
Country アンドラ
9%
Country キルギスタン
9%
Country スロバキア
9%
Country スロベニア
9%
Country サンマリノ
9%
Country ウズベキスタン
9%
Country バチカン市国
9%
Country ボスニア・ヘルツェゴビナ
9%
Country クロアチア
9%
Country ルーマニア
9%
Country モンテネグロ
9%
Country セルビア
9%
Country コソボ
9%
Country ガンビア
9%
Country 北マケドニア
9%
Country ギニアビサウ
9%
Country アルメニア
9%
Country セネガル
9%
Country マルタ
9%
Country スリランカ
9%
Country チュニジア
9%
Country モーリタニア
9%
Country ギニア
9%
Country リベリア
9%
Country マリ
9%
Country カタール
9%
Country アラブ首長国連邦
9%
Country ブルキナファソ
9%
Country ガーナ
9%
Country トーゴ
9%
Country ベナン
9%
Country オマーン
9%
Country リビア
9%
Country エリトリア
9%
Country チャド
9%
Country ジブチ
9%
Country モーリシャス
9%
Country ガボン
9%
Country セーシェル
9%
Country ソマリア
9%
Country エスワティニ
9%
Country コモロ
9%
Country 韓国
9%
Country オーストラリア
9%
Country インド
9%
Country モンゴル
9%
Country アゼルバイジャン
9%
Country ケニア
9%
Country イスラエル
9%
Country モザンビーク
9%
Country エジプト
9%
Country 南アフリカ
9%
Country ポーランド
9%
Country コンゴ民主共和国
9%
Country カメルーン
9%
Country ナイジェリア
9%
Country アルジェリア
9%
Country セントビンセント及び グレナディーン諸島
9%
Country Mystery Country
9%
Country ギニアビサウ
8%
Country ガンビア
8%
Country シエラレオネ
8%
Country セネガル
8%
Country カーボベルデ
8%
Country ギニア
8%
Country リベリア
8%
Country コートジボワール
8%
Country ガーナ
8%
Country モーリタニア
8%
Country トーゴ
8%
Country ブルキナファソ
8%
Country ベナン
8%
Country マリ
8%
Country サントメ
8%
Country モロッコ
8%
Country 赤道ギニア
8%
Country ポルトガル
8%
Country ナイジェリア
8%
Country ガボン
8%
Country カメルーン
8%
Country ニジェール
8%
Country アルジェリア
8%
Country アンドラ
8%
Country スペイン
8%
Country コンゴ共和国
8%
Country チュニジア
8%
Country マルタ
8%
Country モナコ
8%
Country スリナム
8%
Country バルバドス
8%
Country バチカン市国
8%
Country チャド
8%
Country セントルシア
8%
Country ドミニカ国
8%
Country サンマリノ
8%
Country グレナダ
8%
Country リヒテンシュタイン
8%
Country アンティグア・バーブーダ
8%
Country トリニダード・トバゴ
8%
Country スイス
8%
Country ガイアナ
8%
Country ルクセンブルク
8%
Country セントクリストファー・ネービス
8%
Country アイルランド
8%
Country ベルギー
8%
Country 中央アフリカ
8%
Country リビア
8%
Country スロベニア
8%
Country アルバニア
8%
Country オランダ
8%
Country モンテネグロ
8%
Country アンゴラ
8%
Country ボスニア・ヘルツェゴビナ
8%
Country クロアチア
8%
Country コソボ
8%
Country オーストリア
8%
Country 北マケドニア
8%
Country セルビア
8%
Country チェコ
8%
Country ナミビア
8%
Country ルワンダ
8%
Country ブルンジ
8%
Country ドイツ
8%
Country ギリシャ
8%
Country ハンガリー
8%
Country スロバキア
8%
Country デンマーク
8%
Country コンゴ民主共和国
8%
Country ドミニカ共和国
8%
Country ブルガリア
8%
Country ウガンダ
8%
Country 南スーダン
8%
Country ルーマニア
8%
Country キプロス
8%
Country ボツワナ
8%
Country ポーランド
8%
Country エジプト
8%
Country モルドバ
8%
Country ベネズエラ
8%
Country ハイチ
8%
Country ザンビア
8%
Country パラグアイ
8%
Country イスラエル
8%
Country レバノン
8%
Country スーダン
8%
Country ジンバブエ
8%
Country リトアニア
8%
Country レソト
8%
Country ヨルダン
8%
Country マラウイ
8%
Country ウルグアイ
8%
Country ラトビア
8%
Country エスワティニ
8%
Country ジャマイカ
8%
Country ベラルーシ
8%
Country バハマ
8%
Country ブラジル
8%
Country エストニア
8%
Country ボリビア
8%
Country ケニア
8%
Country エリトリア
8%
Country ジブチ
8%
Country タンザニア
8%
Country シリア
8%
Country モザンビーク
8%
Country コロンビア
8%
Country キューバ
8%
Country パナマ
8%
Country アルメニア
8%
Country ジョージア
8%
Country コモロ
8%
Country クウェート
8%
Country イラク
8%
Country エチオピア
8%
Country ペルー
8%
Country バーレーン
8%
Country アゼルバイジャン
8%
Country カタール
8%
Country ニカラグア
8%
Country ソマリア
8%
Country コスタリカ
8%
Country ベリーズ
8%
Country ホンジュラス
8%
Country エルサルバドル
8%
Country マダガスカル
8%
Country イエメン
8%
Country グアテマラ
8%
Country アラブ首長国連邦
8%
Country エクアドル
8%
Country オマーン
8%
Country アルゼンチン
8%
Country イラン
8%
Country モーリシャス
8%
Country パキスタン
8%
Country マーシャル
8%
Country ニュージーランド
8%
Country フィジー
8%
Country チリ
8%
Country 台湾
8%
Country メキシコ
8%
Country インドネシア
8%
Country アイスランド
8%
Country ウズベキスタン
8%
Country トルクメニスタン
8%
Country フィンランド
8%
Country サウジアラビア
8%
Country パラオ
8%
Country カンボジア
8%
Country タイ
8%
Country ラオス
8%
Country ミャンマー
8%
Country ミクロネシア
8%
Country バングラデシュ
8%
Country ブータン
8%
Country ネパール
8%
Country インド
8%
Country モンゴル
8%
Country トルコ
8%
Country ウクライナ
8%
Country セントビンセント及び グレナディーン諸島
8%
Country Mystery Country
8%
Country ブルキナファソ
7%
Country ベナン
7%
Country トーゴ
7%
Country マリ
7%
Country ガーナ
7%
Country コートジボワール
7%
Country チャド
7%
Country リベリア
7%
Country アルジェリア
7%
Country ギニア
7%
Country シエラレオネ
7%
Country チュニジア
7%
Country マルタ
7%
Country サントメ
7%
Country ガンビア
7%
Country モーリタニア
7%
Country ギニアビサウ
7%
Country セネガル
7%
Country カメルーン
7%
Country 赤道ギニア
7%
Country リビア
7%
Country アンドラ
7%
Country ガボン
7%
Country バチカン市国
7%
Country コンゴ共和国
7%
Country サンマリノ
7%
Country アルバニア
7%
Country カーボベルデ
7%
Country モンテネグロ
7%
Country 北マケドニア
7%
Country コソボ
7%
Country イタリア
7%
Country ギリシャ
7%
Country クロアチア
7%
Country スロベニア
7%
Country キプロス
7%
Country セルビア
7%
Country イスラエル
7%
Country レバノン
7%
Country ルクセンブルク
7%
Country ブルガリア
7%
Country ヨルダン
7%
Country ベルギー
7%
Country ハンガリー
7%
Country チェコ
7%
Country スロバキア
7%
Country ルーマニア
7%
Country モルドバ
7%
Country エリトリア
7%
Country ジブチ
7%
Country シリア
7%
Country トルコ
7%
Country クウェート
7%
Country イラク
7%
Country リトアニア
7%
Country アルメニア
7%
Country コンゴ民主共和国
7%
Country ケニア
7%
Country アンゴラ
7%
Country バーレーン
7%
Country ジョージア
7%
Country エチオピア
7%
Country カタール
7%
Country ラトビア
7%
Country ザンビア
7%
Country アゼルバイジャン
7%
Country エストニア
7%
Country タンザニア
7%
Country イエメン
7%
Country アラブ首長国連邦
7%
Country ジンバブエ
7%
Country ボツワナ
7%
Country オマーン
7%
Country コモロ
7%
Country ナミビア
7%
Country スウェーデン
7%
Country フィンランド
7%
Country エスワティニ
7%
Country レソト
7%
Country トルクメニスタン
7%
Country マダガスカル
7%
Country バルバドス
7%
Country スリナム
7%
Country セントルシア
7%
Country アンティグア・バーブーダ
7%
Country タジキスタン
7%
Country セントクリストファー・ネービス
7%
Country グレナダ
7%
Country トリニダード・トバゴ
7%
Country ガイアナ
7%
Country パキスタン
7%
Country キルギスタン
7%
Country モルディブ
7%
Country モーリシャス
7%
Country スリランカ
7%
Country ベネズエラ
7%
Country ネパール
7%
Country パラグアイ
7%
Country ブータン
7%
Country バングラデシュ
7%
Country ボリビア
7%
Country コロンビア
7%
Country ペルー
7%
Country ベリーズ
7%
Country コスタリカ
7%
Country エクアドル
7%
Country シンガポール
7%
Country ブルネイ
7%
Country ソロモン諸島
7%
Country | Country サモア
7%
Country | Country | Country ニュージーランド
7%
Country トンガ
7%
Country フィジー
7%
Country バヌアツ
7%
Country ツバル
7%
Country ナウル
7%
Country キリバス
7%
Country マーシャル
7%
Country 東ティモール
7%
Country パラオ
7%
Country チリ
7%
Country ウルグアイ
7%
Country エルサルバドル
7%
Country グアテマラ
7%
Country パナマ
7%
Country ニカラグア
7%
Country ホンジュラス
7%
Country フィリピン
7%
Country ジャマイカ
7%
Country キューバ
7%
Country ハイチ
7%
Country マレーシア
7%
Country バハマ
7%
Country ドミニカ共和国
7%
Country カンボジア
7%
Country インドネシア
7%
Country ドミニカ国
7%
Country ベトナム
7%
Country タイ
7%
Country 南アフリカ
7%
Country ミャンマー
7%
Country セーシェル
7%
Country モザンビーク
7%
Country マラウイ
7%
Country ブルンジ
7%
Country ルワンダ
7%
Country ソマリア
7%
Country ウガンダ
7%
Country アフガニスタン
7%
Country 南スーダン
7%
Country 中央アフリカ
7%
Country スーダン
7%
Country サウジアラビア
7%
Country パプアニューギニア
7%
Country アルゼンチン
7%
Country 台湾
7%
Country ラオス
7%
Country ナイジェリア
7%
Country ニジェール
7%
Country ウズベキスタン
7%
Country イラン
7%
Country ベラルーシ
7%
Country 韓国
7%
Country 北朝鮮
7%
Country メキシコ
7%
Country カザフスタン
7%
Country オランダ
7%
Country ポーランド
7%
Country ポルトガル
7%
Country ミクロネシア
7%
Country アイスランド
7%
Country ノルウェー
7%
Country アイルランド
7%
Country デンマーク
7%
Country リヒテンシュタイン
7%
Country スイス
7%
Country オーストリア
7%
Country モナコ
7%
Country ウクライナ
7%
Country ボスニア・ヘルツェゴビナ
7%
Country モロッコ
7%
Country セントビンセント及び グレナディーン諸島
7%
Country Mystery Country
7%
Country 中央アフリカ
6%
Country ウガンダ
6%
Country ジンバブエ
6%
Country レソト
6%
Country エジプト
6%
Country イスラエル
6%
Country オーストリア
6%
Country ベルギー
6%
Country イラク
6%
Country 南アフリカ
6%
Country トルコ
6%
Country カタール
6%
Country ウクライナ
6%
Country イラン
6%
Country モルディブ
6%
Country バルバドス
6%
Country ドミニカ国
6%
Country ドミニカ共和国
6%
Country ハイチ
6%
Country ベネズエラ
6%
Country ブータン
6%
Country ジャマイカ
6%
Country アルゼンチン
6%
Country コロンビア
6%
Country ニカラグア
6%
Country ベリーズ
6%
Country コスタリカ
6%
Country ラオス
6%
Country トンガ
6%
Country フィジー
6%
Country ソロモン諸島
6%
Country スリナム
6%
Country ガイアナ
6%
Country トリニダード・トバゴ
6%
Country パラグアイ
6%
Country ボリビア
6%
Country アンティグア・バーブーダ
6%
Country ウルグアイ
6%
Country カーボベルデ
6%
Country ペルー
6%
Country ギニアビサウ
6%
Country ガンビア
6%
Country シエラレオネ
6%
Country セネガル
6%
Country リベリア
6%
Country ギニア
6%
Country エクアドル
6%
Country コートジボワール
6%
Country バハマ
6%
Country ホンジュラス
6%
Country エルサルバドル
6%
Country ガーナ
6%
Country モーリタニア
6%
Country トーゴ
6%
Country グアテマラ
6%
Country ブルキナファソ
6%
Country ベナン
6%
Country サントメ
6%
Country マリ
6%
Country 赤道ギニア
6%
Country ガボン
6%
Country ナイジェリア
6%
Country カメルーン
6%
Country アンドラ
6%
Country アルジェリア
6%
Country ニジェール
6%
Country チュニジア
6%
Country マルタ
6%
Country バチカン市国
6%
Country アンゴラ
6%
Country ルクセンブルク
6%
Country リヒテンシュタイン
6%
Country ナミビア
6%
Country チャド
6%
Country スロベニア
6%
Country ボツワナ
6%
Country アルバニア
6%
Country モンテネグロ
6%
Country ボスニア・ヘルツェゴビナ
6%
Country リビア
6%
Country クロアチア
6%
Country コソボ
6%
Country ブルンジ
6%
Country 北マケドニア
6%
Country ルワンダ
6%
Country チェコ
6%
Country コンゴ民主共和国
6%
Country セルビア
6%
Country エスワティニ
6%
Country ハンガリー
6%
Country スロバキア
6%
Country ザンビア
6%
Country ギリシャ
6%
Country マラウイ
6%
Country ブルガリア
6%
Country ポーランド
6%
Country 南スーダン
6%
Country ルーマニア
6%
Country モルドバ
6%
Country リトアニア
6%
Country ラトビア
6%
Country レバノン
6%
Country スーダン
6%
Country エストニア
6%
Country タンザニア
6%
Country モザンビーク
6%
Country ケニア
6%
Country エリトリア
6%
Country コモロ
6%
Country ジブチ
6%
Country ノルウェー
6%
Country アルメニア
6%
Country ジョージア
6%
Country エチオピア
6%
Country クウェート
6%
Country マダガスカル
6%
Country アゼルバイジャン
6%
Country バーレーン
6%
Country ソマリア
6%
Country セーシェル
6%
Country アラブ首長国連邦
6%
Country オマーン
6%
Country モーリシャス
6%
Country トルクメニスタン
6%
Country キルギスタン
6%
Country バヌアツ
6%
Country ナウル
6%
Country 東ティモール
6%
Country ベトナム
6%
Country インド
6%
Country モンゴル
6%
Country 中国
6%
Country カザフスタン
6%
Country サウジアラビア
6%
Country ベラルーシ
6%
Country フィンランド
6%
Country スウェーデン
6%
Country モナコ
6%
Country アイルランド
6%
Country モロッコ
6%
Country グレナダ
6%
Country セントクリストファー・ネービス
6%
Country セントビンセント及び グレナディーン諸島
6%
Country Mystery Country
6%
Country | Country サントメ
0%
Country ガボン
0%
Country 赤道ギニア
0%
Country ベナン
0%
Country ナイジェリア
0%
Country カメルーン
0%
Country トーゴ
0%
Country コンゴ共和国
0%
Country ガーナ
0%
Country ブルキナファソ
0%
Country ニジェール
0%
Country コートジボワール
0%
Country アンゴラ
0%
Country チャド
0%
Country リベリア
0%
Country マリ
0%
Country シエラレオネ
0%
Country ルワンダ
0%
Country ブルンジ
0%
Country ナミビア
0%
Country コンゴ民主共和国
0%
Country ギニア
0%
Country チュニジア
0%
Country ギニアビサウ
0%
Country マルタ
0%
Country ガンビア
0%
Country セネガル
0%
Country アルジェリア
0%
Country ボツワナ
0%
Country モーリタニア
0%
Country ザンビア
0%
Country 南スーダン
0%
Country リビア
0%
Country モロッコ
0%
Country バチカン市国
0%
Country マラウイ
0%
Country エスワティニ
0%
Country モナコ
0%
Country アンドラ
0%
Country サンマリノ
0%
Country スーダン
0%
Country アルバニア
0%
Country タンザニア
0%
Country カーボベルデ
0%
Country モンテネグロ
0%
Country ケニア
0%
Country 北マケドニア
0%
Country リヒテンシュタイン
0%
Country コソボ
0%
Country モザンビーク
0%
Country ポルトガル
0%
Country スイス
0%
Country ボスニア・ヘルツェゴビナ
0%
Country スロベニア
0%
Country クロアチア
0%
Country ギリシャ
0%
Country キプロス
0%
Country エリトリア
0%
Country ジブチ
0%
Country セルビア
0%
Country レバノン
0%
Country ルクセンブルク
0%
Country コモロ
0%
Country ヨルダン
0%
Country ブルガリア
0%
Country ハンガリー
0%
Country チェコ
0%
Country スロバキア
0%
Country エチオピア
0%
Country ルーマニア
0%
Country オランダ
0%
Country モルドバ
0%
Country シリア
0%
Country ソマリア
0%
Country マダガスカル
0%
Country ポーランド
0%
Country クウェート
0%
Country バーレーン
0%
Country アイルランド
0%
Country リトアニア
0%
Country アルメニア
0%
Country イエメン
0%
Country ジョージア
0%
Country ベラルーシ
0%
Country ラトビア
0%
Country セーシェル
0%
Country サウジアラビア
0%
Country アゼルバイジャン
0%
Country エストニア
0%
Country アラブ首長国連邦
0%
Country オマーン
0%
Country スウェーデン
0%
Country モーリシャス
0%
Country フィンランド
0%
Country ノルウェー
0%
Country トルクメニスタン
0%
Country ウズベキスタン
0%
Country スリナム
0%
Country アフガニスタン
0%
Country タジキスタン
0%
Country セントルシア
0%
Country アンティグア・バーブーダ
0%
Country パキスタン
0%
Country セントクリストファー・ネービス
0%
Country グレナダ
0%
Country トリニダード・トバゴ
0%
Country ガイアナ
0%
Country キルギスタン
0%
Country スリランカ
0%
Country ウルグアイ
0%
Country パラグアイ
0%
Country カザフスタン
0%
Country ネパール
0%
Country ボリビア
0%
Country バングラデシュ
0%
Country ペルー
0%
Country ホンジュラス
0%
Country エルサルバドル
0%
Country エクアドル
0%
Country ブルネイ
0%
Country チリ
0%
Country | Country バヌアツ
0%
Country | Country | Country | +3 others サモア
0%
Country マーシャル
0%
Country | Country トンガ
0%
Country | Country | Country ニュージーランド
0%
Country フィジー
0%
Country | Country ツバル
0%
Country キリバス
0%
Country | Country ナウル
0%
Country ソロモン諸島
0%
Country パプアニューギニア
0%
Country ベリーズ
0%
Country ニカラグア
0%
Country | Country | Country 東ティモール
0%
Country ミクロネシア
0%
Country パラオ
0%
Country バハマ
0%
Country バルバドス
0%
Country シンガポール
0%
Country レソト
0%
Country 北朝鮮
0%
Country マレーシア
0%
Country 南アフリカ
0%
Country ジンバブエ
0%
Country ベトナム
0%
Country ラオス
0%
Country モルディブ
0%
Country ブータン
0%
Country アイスランド
0%
Country ウガンダ
0%
Country 中央アフリカ
0%
Country スペイン
0%
Country ベルギー
0%
Country デンマーク
0%
Country カタール
0%
Country オーストリア
0%
Country エジプト
0%
Country イスラエル
0%
Country コスタリカ
0%
Country グアテマラ
0%
Country パナマ
0%
Country ジャマイカ
0%
Country コロンビア
0%
Country キューバ
0%
Country ハイチ
0%
Country オーストラリア
0%
Country ドミニカ共和国
0%
Country ベネズエラ
0%
Country ドミニカ国
0%
Country フィリピン
0%
Country インドネシア
0%
Country アルゼンチン
0%
Country カンボジア
0%
Country タイ
0%
Country ミャンマー
0%
Country イラク
0%
Country 台湾
0%
Country イラン
0%
Country インド
0%
Country ドイツ
0%
Country ウクライナ
0%
Country トルコ
0%
Country 韓国
0%
Country メキシコ
0%
Country カナダ
0%
Country セントビンセント及び グレナディーン諸島
0%
Country Mystery Country
0%
No matching quizzes found
Score Distribution
Percent of People with Each Score
Percentile by Number Answered
Your Score History
You have not taken this quiz